{"text_format":"2","workbook":"xlsx","n_sheets":10,"sheets":["Geral","Composições","Fornecimentos","BDI's","Adutora Bruta de Recalque","Rede de Distribuição","ENCARGOS SOCIAIS","RESUMO COTAÇÃO GERAL","RESUMO COTAÇÃO FLUTUANTE","CRONOGRAMA"],"not_rendered":{"charts":0,"images":3,"macros":0,"external_links":8,"defined_names":6269,"comments":1,"pivot_tables":0},"unopened":[],"bounds":{"document_bytes":16777216,"sheet_cells":100000,"run_cost":"one","rows_first":2000,"rows_last":500,"rows_between":2000,"halvings":0,"cell_chars":16384,"cell_head_chars":4096},"cells_cut":0,"cells_raw":0,"read":"whole","date_system":"1900"}

{"sheet":"Geral","index":0,"n_rows":36,"n_cols":12,"rows_kept":36,"cut":false,"hidden":false,"merged":[[0,0,4,6],[5,0,5,6],[6,5,6,6],[7,5,7,6],[6,0,7,4],[10,1,10,5],[33,1,33,5],[8,0,9,0],[8,1,9,1],[8,2,9,2],[8,3,9,3],[8,4,9,4],[8,5,8,6],[35,0,35,3],[35,4,35,5],[16,1,16,5],[17,1,17,5],[21,1,21,5],[24,1,24,5],[26,1,26,5],[29,1,29,5],[31,1,31,5]]}
[]
[]
[]
[]
[]
["Fornecimento de Sistema de Captação Flutuante, Sistema de Acionamento de Motores de Indução Trifásicos e Grupo Gerador necessário para o Perímetro Irrigado Senador Nilo Coelho"]
["PLANILHA ORÇAMENTÁRIA",{"$nulls":4},"VALOR TOTAL (R$)"]
[{"$nulls":5},{"$f":"G36","v":17486238.23}]
["ITEM","CÓDIGO","DISCRIMINAÇÃO DOS SERVIÇOS","UNID.","QUANT.","PREÇO (R$)"]
[{"$nulls":5},"UNITÁRIO","TOTAL"]
[1,"SERVIÇOS PRELIMINARES",{"$nulls":4},{"$f":"SUM(G12:G16)","v":357218.68}]
["1.1","73847/001","Aluguel de Container (2 unidades)","mês",5,641.87,{"$f":" ROUND(F12*E12,2)","v":3209.35}]
["1.2","74209/001","Placa de Obra em Chapa de Aço Galvanizado","m²",12,345.12,4141.4399999999996]
["1.3","Composição","Administração Local","mês",5,{"$f":"Composições!J31","v":66205.02},331025.09999999998]
["1.4","Composição","Mobilização","Unid.",1,{"$f":"Composições!J59","v":10457.620000000001},10457.620000000001]
["1.5","Composição","Desmobilização","Unid.",1,{"$f":"Composições!J92","v":8385.17},8385.17]
[2,"SISTEMA DE CAPTAÇÃO FLUTUANTE",{"$nulls":4},{"$f":"G19+G20+G21+G23+G24+G26+G28+G29+G31+G33","v":17039508.129999999},{"$nulls":4},"."]
["2.1","Sistema de Geração de Energia Elétrica",{"$nulls":4},{"$f":"SUM(G19:G21)","v":1961676.66}]
["2.1.1","Composição","Fornecimento e Instalação de Grupo Gerador","Unid.",16,{"$f":"Composições!J128+Fornecimentos!G11","v":110835.74},{"$f":"E19*F19","v":1773371.84}]
["2.1.2","Composição","Fornecimento de Grupo Gerador Reserva","Unid.",1,{"$f":"Composições!J159+Fornecimentos!G11","v":81522.16},{"$f":"E20*F20","v":81522.16}]
["2.1.3","Composição","Fornecimento e Instalação do Tanque de Combustível","Unid.",6,{"$f":"Composições!J191+Fornecimentos!G12","v":17797.11},{"$f":"E21*F21","v":106782.66}]
["2.2","Sistema de Acionamento",{"$nulls":4},{"$f":"SUM(G23:G24)","v":5450679.1600000001}]
["2.2.1","Composição","Fornecimento e Instalação dos CCM's para os Motores, 02 soft-starter","Unid.",8,{"$f":"Composições!J223+Fornecimentos!G13+(Fornecimentos!G14/8)","v":664660.6},{"$f":"F23*E23","v":5317284.8}]
["2.2.2","Composição","Fornecimento e Instalação de Paineis de Operação","Unid.",1,{"$f":"Composições!J254+Fornecimentos!G15","v":133394.35999999999},{"$f":"F24*E24","v":133394.35999999999}]
["2.3","Sistema de Bombeamento",{"$nulls":4},{"$f":"G26","v":9371397.1999999993}]
["2.3.1","Composição","Fornecimento e Instalação do Sistema de Bombeamento Flutuante","Unid.",8,{"$f":"Composições!J290+Fornecimentos!G16","v":1171424.6499999999},9371397.1999999993]
["2.4","Sistema de Iluminação e Combate a Incêndio",{"$nulls":4},{"$f":"SUM(G28:G29)","v":84303.74}]
["2.4.1","Composição","Fornecimento e Instalação dos Equipamentos de Detecção e Combate a Incêndio","Unid.",1,{"$f":"Composições!J321","v":15057.79},15057.79]
["2.4.2","Composição","Fornecimento, Instalação, Montagem e Testes dos Equipamentos de Iluminação","Unid.",1,{"$f":"Composições!J358","v":69245.95},69245.95]
["2.5","Sistema de Aterramento",{"$nulls":4},{"$f":"G31","v":151531.29999999999}]
["2.5","Composição","Fornecimento e Instalação do Sistema de Aterramento","Unid.",1,{"$f":"Composições!J413","v":151531.29999999999},151531.29999999999]
["2.6","Comissionamento, Operação e Desmontagem do Sistema",{"$nulls":4},{"$f":"G33","v":19920.07}]
["2.6.1","Composição","Comissionamento e Start-up","Unid.",1,{"$f":"Composições!J448","v":19920.07},19920.07]
[3,"PROJETO EXECUTIVO",null,null,"Custo Total dos Serviços (R$)",null,{"$f":"SUM(G35:G35)","v":89511.42}]
["3.1","Composição","Elaboração do Projeto Executivo","Unid.",1,{"$f":"Composições!J484","v":89511.42},{"$f":" ROUND(F35*E35,2)","v":89511.42}]
[{"$nulls":4},"TOTAL GERAL",null,{"$f":"G11+G17+G34","v":17486238.23}]

{"sheet":"Composições","index":1,"n_rows":484,"n_cols":10,"rows_kept":484,"cut":false,"hidden":false,"merged":[[69,0,69,9],[73,2,73,8],[74,0,74,9],[77,2,77,8],[78,0,78,9],[99,0,99,2],[100,0,100,1],[101,0,101,1],[1,4,1,9],[3,0,3,1],[3,2,3,7],[2,0,2,1],[2,2,2,7],[1,0,1,2],[89,6,89,7],[88,4,88,8],[91,0,91,8],[28,6,28,7],[25,6,25,7],[53,6,53,7],[54,2,54,8],[55,4,55,8],[56,6,56,7],[68,0,68,1],[49,0,49,9],[40,2,40,8],[44,2,44,8],[48,2,48,8],[58,0,58,8],[66,0,66,2],[66,4,66,9],[67,0,67,1],[67,2,67,7],[68,2,68,7],[205,0,205,9],[209,2,209,8],[122,6,122,7],[124,4,124,8],[125,6,125,7],[127,0,127,8],[106,2,106,8],[111,2,111,8],[115,2,115,8],[199,0,199,1],[199,2,199,7],[200,0,200,1],[200,2,200,7],[201,0,201,9],[204,2,204,8],[134,2,134,7],[135,0,135,1],[135,2,135,7],[136,0,136,9],[140,2,140,8],[141,0,141,9],[144,2,144,8],[145,0,145,9],[116,0,116,9],[4,0,4,9],[8,0,8,9],[14,0,14,9],[18,0,18,9],[30,0,30,8],[36,0,36,9],[41,0,41,9],[45,0,45,9],[33,4,33,9],[34,2,34,7],[34,0,34,1],[35,2,35,7],[33,0,33,2],[35,0,35,1],[26,2,26,8],[27,4,27,8],[7,2,7,8],[13,2,13,8],[17,2,17,8],[81,2,81,8],[82,0,82,9],[86,6,86,7],[87,2,87,8],[198,0,198,2],[198,4,198,9],[133,0,133,2],[133,4,133,9],[134,0,134,1],[99,4,99,9],[100,2,100,7],[101,2,101,7],[102,0,102,9],[107,0,107,9],[112,0,112,9],[123,2,123,8],[148,2,148,8],[149,0,149,9],[153,6,153,7],[154,2,154,8],[155,4,155,8],[156,6,156,7],[158,0,158,8],[185,6,185,7],[186,2,186,8],[187,4,187,8],[188,6,188,7],[189,6,189,7],[248,6,248,7],[249,2,249,8],[250,4,250,8],[210,0,210,9],[217,6,217,7],[218,2,218,8],[219,4,219,8],[220,6,220,7],[222,0,222,8],[232,0,232,2],[232,4,232,9],[233,0,233,1],[233,2,233,7],[223,0,223,9],[320,0,320,8],[327,0,327,2],[327,4,327,9],[328,0,328,1],[328,2,328,7],[305,0,305,9],[310,2,310,8],[311,0,311,9],[315,6,315,7],[316,2,316,8],[317,4,317,8],[319,6,319,7],[348,0,348,9],[352,6,352,7],[353,2,353,8],[354,4,354,8],[355,6,355,7],[357,0,357,8],[329,0,329,1],[329,2,329,7],[330,0,330,9],[333,2,333,8],[334,0,334,9],[347,2,347,8],[356,6,356,7],[393,0,393,9],[396,2,396,8],[397,0,397,9],[402,2,402,8],[403,0,403,9],[407,6,407,7],[390,0,390,2],[390,4,390,9],[391,0,391,1],[391,2,391,7],[392,0,392,1],[392,2,392,7],[424,2,424,7],[425,0,425,9],[428,2,428,8],[408,2,408,8],[409,4,409,8],[410,6,410,7],[412,0,412,8],[422,0,422,2],[422,4,422,9],[423,0,423,1],[423,2,423,7],[424,0,424,1],[411,6,411,7],[413,0,413,9],[479,2,479,8],[480,4,480,8],[481,6,481,7],[483,0,483,8],[458,0,458,1],[458,2,458,7],[459,0,459,9],[462,2,462,8],[463,0,463,9],[466,2,466,8],[467,0,467,9],[478,6,478,7],[482,6,482,7],[445,6,445,7],[447,0,447,8],[456,0,456,2],[456,4,456,9],[457,0,457,1],[457,2,457,7],[429,0,429,9],[432,2,432,8],[433,0,433,9],[442,6,442,7],[443,2,443,8],[444,4,444,8],[446,6,446,7],[128,0,128,9],[165,0,165,2],[165,4,165,9],[166,0,166,1],[166,2,166,7],[167,0,167,1],[167,2,167,7],[168,0,168,9],[172,2,172,8],[181,0,181,9],[318,6,318,7],[298,0,298,1],[298,2,298,7],[299,0,299,1],[299,2,299,7],[300,0,300,9],[304,2,304,8],[285,2,285,8],[190,0,190,8],[262,0,262,2],[263,0,263,1],[264,0,264,1],[289,0,289,8],[297,0,297,2],[297,4,297,9],[265,0,265,9],[269,2,269,8],[270,0,270,9],[273,2,273,8],[274,0,274,9],[284,6,284,7],[242,2,242,8],[243,0,243,9],[29,6,29,7],[57,6,57,7],[90,6,90,7],[126,6,126,7],[157,6,157,7],[221,6,221,7],[252,6,252,7],[288,6,288,7],[286,4,286,8],[287,6,287,7],[262,4,262,9],[263,2,263,7],[264,2,264,7],[251,6,251,7],[253,0,253,8],[234,0,234,1],[234,2,234,7],[235,0,235,9],[238,2,238,8],[239,0,239,9],[173,0,173,9],[176,2,176,8],[177,0,177,9],[180,2,180,8]]}
[]
["CODEVASF",null,null,"1.1"," COMPOSIÇÃO DE PREÇO UNITÁRIO"]
["OBRA",null,"Sistema de Captação Flutuante para o Perímetro de Irrigação Nilo Coelho",{"$nulls":5},"DATA","2015-08-31"]
["SERVIÇO",null,"Administração Local",{"$nulls":5},"UNIDADE: ","MÊS"]
["EQUIPAMENTO"]
["FONTE","CÓDIGO","DISCRIMINAÇÃO","UNID.","QUANT.","PROD","IMPROD","P.UNIT. PROD","P.UNIT. IMPR","P.TOTAL"]
["CODEVASF","TABELA VEÍCULOS","VEÍCULO PICK-UP CABINE DUPLA 4X4 PARA A FISCALIZAÇÃO (163 CV) (SEM MOTORISTA)","MÊS",1,null,null,5151.87,null,{"$f":"E7*H7","v":5151.87}]
[null,null,"SUB-TOTAL",{"$nulls":6},{"$f":"SUM(J7:J7)","v":5151.87}]
["MATERIAL"]
[null,null,"DISCRIMINAÇÃO","UNID.","QUANT.",null,null,null,"P.UNIT.","P.TOTAL"]
[null,null,"ENERGIA ELÉTRICA","MÊS",1,null,null,null,100,{"$f":"E11*I11","v":100}]
[null,null,"ÁGUA E ESGOTO","MÊS",1,null,null,null,70,{"$f":"E12*I12","v":70}]
[null,null,"TELEFONE","MÊS",1,null,null,null,80,80]
[null,null,"SUB-TOTAL",{"$nulls":6},{"$f":"SUM(J11:J13)","v":250}]
["SERVIÇOS - COMPOSIÇÕES AUXILIARES"]
[null,null,"DISCRIMINAÇÃO","UNID.","QUANT.",null,null,null,"P.UNIT.","P.TOTAL"]
[]
[null,null,"SUB-TOTAL",{"$nulls":6},{"$f":"SUM(J17:J17)","v":0}]
["MÃO DE OBRA"]
[null,null,"DISCRIMINAÇÃO","UNID.","QUANT.",null,null,null,"P.UNIT.","P.TOTAL"]
["CODEVASF","P1","ENGENHEIRO - PROFISSIONAL PLENO (ELETRICISTA)","MÊS",1,null,null,null,12075.36,{"$f":"E21*I21","v":12075.36}]
["CODEVASF","P1","ENGENHEIRO - PROFISSIONAL PLENO (MECÂNICO)","MÊS",1,null,null,null,12075.36,{"$f":"E22*I22","v":12075.36}]
["CODEVASF","A1","ASSISTENTE ADMINISTRATIVO","MÊS",1,null,null,null,3245.44,{"$f":"E23*I23","v":3245.44}]
["CODEVASF","A4","VIGIA","MÊS",3,null,null,null,973.28,2919.84]
["CODEVASF","A4","SERVIÇOS GERAIS","MÊS",1,null,null,null,973.28,973.28]
[{"$nulls":6},"ENCARGOS SOCIAIS",null,{"$f":"'ENCARGOS SOCIAIS'!G45","v":0.50080000000000002},{"$f":"(SUM(J21:J25)*I26)","v":15669.67}]
[null,null,"SUB-TOTAL",{"$nulls":6},{"$f":"(SUM(J21:J25)+J26)","v":46958.95}]
[null,null,"PRODUÇÃO DA EQUIPE",1,"CUSTO TOTAL ",{"$nulls":4},{"$f":"J8+J14+J18+J27","v":52360.82}]
[{"$nulls":6},"BDI (serviços)",null,{"$f":"'BDI''s'!C34","v":0.26440000000000002},{"$f":"J28*I29","v":13844.2}]
[{"$nulls":6},"DBI (Fornecimentos)",null,{"$f":"'BDI''s'!C86","v":0.16},"-"]
["TOTAL DO SERVIÇO ",{"$nulls":8},{"$f":"J28+J29","v":66205.02}]
[]
[]
["CODEVASF",null,null,"1.2"," COMPOSIÇÃO DE PREÇO UNITÁRIO"]
["OBRA",null,"Sistema de Captação Flutuante para o Perímetro de Irrigação Nilo Coelho",{"$nulls":5},"DATA","2015-08-31"]
["SERVIÇO",null,"Mobilização",{"$nulls":5},"UNIDADE: ","Unid."]
["EQUIPAMENTO"]
["FONTE","CÓDIGO","DISCRIMINAÇÃO","UNID.","QUANT.","PROD","IMPROD","P.UNIT. PROD","P.UNIT. IMPR","P.TOTAL"]
["SINAPI",1143,"CAMINHAO TRUCADO (3 EIXOS) COM CARROCERIA DE MADEIRA FIXA, CAPACIDADE DE *10 A 12* T (LOCACAO SEM MOTORISTA)","H",16,null,null,67.5,null,{"$f":"ROUND(H39*E39,2)","v":1080}]
["SINAPI",3359,"GUINDASTE TIPO MUNCK CAP * 8T * MONTADO EM CAMINHAO CARROCERIA OU EQUIV","H",16,null,null,105.94,null,{"$f":"ROUND(H40*E40,2)","v":1695.04}]
[null,null,"SUB-TOTAL",{"$nulls":6},{"$f":"SUM(J39:J40)","v":2775.04}]
["MATERIAL"]
[null,null,"DISCRIMINAÇÃO","UNID.","QUANT.",null,null,null,"P.UNIT.","P.TOTAL"]
[null,"Cotação","Passagens Aereas","unid.",9,null,null,null,560.26,{"$f":"E44*I44","v":5042.34}]
[null,null,"SUB-TOTAL",{"$nulls":6},{"$f":"SUM(J44:J44)","v":5042.34}]
["SERVIÇOS - COMPOSIÇÕES AUXILIARES"]
[null,null,"DISCRIMINAÇÃO","UNID.","QUANT.",null,null,null,"P.UNIT.","P.TOTAL"]
[]
[null,null,"SUB-TOTAL",{"$nulls":6},{"$f":"SUM(J48:J48)","v":0}]
["MÃO DE OBRA"]
[null,null,"DISCRIMINAÇÃO","UNID.","QUANT.",null,null,null,"P.UNIT.","P.TOTAL"]
["SINAPI",248,"AJUDANTE GERAL","H",16,null,null,null,8.5,{"$f":"ROUND(I52*E52,2)","v":136}]
["SINAPI",4093,"MOTORISTA DE CAMINHAO","H",16,null,null,null,19.84,{"$f":"ROUND(I53*E53,2)","v":317.44}]
[{"$nulls":6},"ENCARGOS SOCIAIS",null,0,{"$f":"(SUM(J52:J53)*I54)","v":0}]
[null,null,"SUB-TOTAL",{"$nulls":6},{"$f":"(SUM(J52:J53)+J54)","v":453.44}]
[null,null,"PRODUÇÃO DA EQUIPE",1,"CUSTO TOTAL ",{"$nulls":4},{"$f":"J41+J45+J49+J55","v":8270.82}]
[{"$nulls":6},"BDI (serviços)",null,{"$f":"'BDI''s'!C34","v":0.26440000000000002},{"$f":"J56*I57","v":2186.8000000000002}]
[{"$nulls":6},"DBI (Fornecimentos)",null,{"$f":"'BDI''s'!C86","v":0.16},"-"]
["TOTAL DO SERVIÇO ",{"$nulls":8},{"$f":"J56+J57","v":10457.620000000001}]
{"$rows_empty":7}
["CODEVASF",null,null,"1.3"," COMPOSIÇÃO DE PREÇO UNITÁRIO"]
["OBRA",null,"Sistema de Captação Flutuante para o Perímetro de Irrigação Nilo Coelho",{"$nulls":5},"DATA","2015-08-31"]
["SERVIÇO",null,"Desmobilização",{"$nulls":5},"UNIDADE: ","Unid."]
["EQUIPAMENTO"]
["FONTE","CÓDIGO","DISCRIMINAÇÃO","UNID.","QUANT.","PROD","IMPROD","P.UNIT. PROD","P.UNIT. IMPR","P.TOTAL"]
["SINAPI",1143,"CAMINHAO TRUCADO (3 EIXOS) COM CARROCERIA DE MADEIRA FIXA, CAPACIDADE DE *10 A 12* T (LOCACAO SEM MOTORISTA)","H",16,null,null,67.5,null,{"$f":"ROUND(H72*E72,2)","v":1080}]
["SINAPI",3359,"GUINDASTE TIPO MUNCK CAP * 8T * MONTADO EM CAMINHAO CARROCERIA OU EQUIV","H",16,null,null,105.94,null,{"$f":"ROUND(H73*E73,2)","v":1695.04}]
[null,null,"SUB-TOTAL",{"$nulls":6},{"$f":"SUM(J72:J73)","v":2775.04}]
["MATERIAL"]
[null,null,"DISCRIMINAÇÃO","UNID.","QUANT.",null,null,null,"P.UNIT.","P.TOTAL"]
[null,"Cotação","Passagens Aereas","unid.",9,null,null,null,378.14,{"$f":"E77*I77","v":3403.26}]
[null,null,"SUB-TOTAL",{"$nulls":6},{"$f":"SUM(J77:J77)","v":3403.26}]
["SERVIÇOS - COMPOSIÇÕES AUXILIARES"]
[null,null,"DISCRIMINAÇÃO","UNID.","QUANT.",null,null,null,"P.UNIT.","P.TOTAL"]
[]
[null,null,"SUB-TOTAL",{"$nulls":6},{"$f":"SUM(J81:J81)","v":0}]
["MÃO DE OBRA"]
[null,null,"DISCRIMINAÇÃO","UNID.","QUANT.",null,null,null,"P.UNIT.","P.TOTAL"]
["SINAPI",248,"AJUDANTE GERAL","H",16,null,null,null,8.5,{"$f":"ROUND(I85*E85,2)","v":136}]
["SINAPI",4093,"MOTORISTA DE CAMINHAO","H",16,null,null,null,19.84,{"$f":"ROUND(I86*E86,2)","v":317.44}]
[{"$nulls":6},"ENCARGOS SOCIAIS",null,0,{"$f":"(SUM(J85:J86)*I87)","v":0}]
[null,null,"SUB-TOTAL",{"$nulls":6},{"$f":"(SUM(J85:J86)+J87)","v":453.44}]
[null,null,"PRODUÇÃO DA EQUIPE",1,"CUSTO TOTAL ",{"$nulls":4},{"$f":"J74+J78+J82+J88","v":6631.74}]
[{"$nulls":6},"BDI (serviços)",null,{"$f":"'BDI''s'!C34","v":0.26440000000000002},{"$f":"J89*I90","v":1753.43}]
[{"$nulls":6},"DBI (Fornecimentos)",null,{"$f":"'BDI''s'!C86","v":0.16},"-"]
["TOTAL DO SERVIÇO ",{"$nulls":8},{"$f":"J89+J90","v":8385.17}]
{"$rows_empty":7}
["CODEVASF",null,null,"1.4"," COMPOSIÇÃO DE PREÇO UNITÁRIO"]
["OBRA",null,"Sistema de Captação Flutuante para o Perímetro de Irrigação Nilo Coelho",{"$nulls":5},"DATA","2015-08-31"]
["SERVIÇO",null,"Instalação de Grupo Gerador (incluindo Manutenção, Montagem e Desmontagem)",{"$nulls":5},"UNIDADE: ","Unid."]
["EQUIPAMENTO"]
["FONTE","CÓDIGO","DISCRIMINAÇÃO","UNID.","QUANT.","PROD","IMPROD","P.UNIT. PROD","P.UNIT. IMPR","P.TOTAL"]
["SINAPI",3367,"GUINDASTE AUTO-PROPELIDO, SOBRE PNEUS, C/ LANCA TELESCOPICA CAP * 15T * (INCLUÍDO MANUTENCAO/OPERACAO)","HORA",8,null,null,119.18,null,{"$f":"ROUND(H105*E105,2)","v":953.44}]
["SINAPI",1286,"CAMINHAO CAVALO MECANICO C/ CARRETA PRANCHA CAP 20T (INCLUÍDO MANUT/OPERACAO)","HORA",8,null,null,172.45,null,{"$f":"ROUND(H106*E106,2)","v":1379.6}]
[null,null,"SUB-TOTAL",{"$nulls":6},{"$f":"SUM(J105:J106)","v":2333.04}]
["MATERIAL"]
[null,null,"DISCRIMINAÇÃO","UNID.","QUANT.",null,null,null,"P.UNIT.","P.TOTAL"]
["SINAPI",999,"Cabos para Interligar o Gerador até o Painel","m",270,null,null,null,80.2,{"$f":"E110*I110","v":21654}]
["SINAPI",11876,"Terminal para os Cabos","Unid.",18,null,null,null,15.75,{"$f":"E111*I111","v":283.5}]
[null,null,"SUB-TOTAL",{"$nulls":6},{"$f":"SUM(J110:J111)","v":21937.5}]
["SERVIÇOS - COMPOSIÇÕES AUXILIARES"]
[null,null,"DISCRIMINAÇÃO","UNID.","QUANT.",null,null,null,"P.UNIT.","P.TOTAL"]
[]
[null,null,"SUB-TOTAL",{"$nulls":6},{"$f":"J115","v":0}]
["MÃO DE OBRA"]
[null,null,"DISCRIMINAÇÃO","UNID.","QUANT.",null,null,null,"P.UNIT.","P.TOTAL"]
[26,"T1","TÉCNICO - PROFISSIONAL PLENO (ELETRICISTA)","HORA",20,null,null,null,22.07,{"$f":"E119*I119","v":441.4}]
["CODEVASF","T3","TÉCNICO AUXILIAR (ELETRICISTA)","HORA",26,null,null,null,8.98,233.48]
["CODEVASF","T1","TÉCNICO - PROFISSIONAL PLENO (MECÂNICA)","HORA",20,null,null,null,22.07,441.4]
["CODEVASF","T3","TÉCNICO AUXILIAR (MECÂNICA)","HORA",26,null,null,null,8.98,233.48]
[{"$nulls":6},"ENCARGOS SOCIAIS",null,{"$f":"'ENCARGOS SOCIAIS'!F45","v":0.89749999999999996},{"$f":"(SUM(J119:J122)*I123)","v":1211.4100000000001}]
[null,null,"SUB-TOTAL",{"$nulls":6},{"$f":"(SUM(J119:J122)+J123)","v":2561.17}]
[null,null,"PRODUÇÃO DA EQUIPE",1,"CUSTO TOTAL ",{"$nulls":4},{"$f":"J107+J112+J116+J124","v":26831.71}]
[{"$nulls":6},"BDI (serviços)",null,{"$f":"'BDI''s'!C34","v":0.26440000000000002},{"$f":"(J107+J116+J124)*I126","v":1294.03}]
[{"$nulls":6},"DBI (Fornecimentos)",null,{"$f":"'BDI''s'!C86","v":0.16},{"$f":"J112*I127","v":3510}]
["TOTAL DO SERVIÇO ",{"$nulls":8},{"$f":"J125+J126+J127","v":31635.74}]
["Observação: foi aplicado BDI diferenciado sobre os materiais por representar parcela considerável sobre o valor total do serviço."]
[]
[]
[]
[]
["CODEVASF",null,null,"1.4"," COMPOSIÇÃO DE PREÇO UNITÁRIO"]
["OBRA",null,"Sistema de Captação Flutuante para o Perímetro de Irrigação Nilo Coelho",{"$nulls":5},"DATA","2015-08-31"]
["SERVIÇO",null,"Instalação de Grupo Gerador Reserva (incluindo Manutenção, Montagem e Desmontagem)",{"$nulls":5},"UNIDADE: ","Unid."]
["EQUIPAMENTO"]
["FONTE","CÓDIGO","DISCRIMINAÇÃO","UNID.","QUANT.","PROD","IMPROD","P.UNIT. PROD","P.UNIT. IMPR","P.TOTAL"]
["SINAPI",3367,"GUINDASTE AUTO-PROPELIDO, SOBRE PNEUS, C/ LANCA TELESCOPICA CAP * 15T * (INCLUÍDO MANUTENCAO/OPERACAO)","HORA",4,null,null,119.18,null,{"$f":"ROUND(H139*E139,2)","v":476.72}]
["SINAPI",1286,"CAMINHAO CAVALO MECANICO C/ CARRETA PRANCHA CAP 20T (INCLUÍDO MANUT/OPERACAO)","HORA",4,null,null,172.45,null,{"$f":"ROUND(H140*E140,2)","v":689.8}]
[null,null,"SUB-TOTAL",{"$nulls":6},{"$f":"SUM(J139:J140)","v":1166.52}]
["MATERIAL"]
[null,null,"DISCRIMINAÇÃO","UNID.","QUANT.",null,null,null,"P.UNIT.","P.TOTAL"]
[]
[null,null,"SUB-TOTAL",{"$nulls":6},{"$f":"SUM(J144:J144)","v":0}]
["SERVIÇOS - COMPOSIÇÕES AUXILIARES"]
[null,null,"DISCRIMINAÇÃO","UNID.","QUANT.",null,null,null,"P.UNIT.","P.TOTAL"]
[]
[null,null,"SUB-TOTAL",{"$nulls":6},{"$f":"SUM(J148:J148)","v":0}]
["MÃO DE OBRA"]
[null,null,"DISCRIMINAÇÃO","UNID.","QUANT.",null,null,null,"P.UNIT.","P.TOTAL"]
["CODEVASF","T1","TÉCNICO - PROFISSIONAL PLENO (ELETRICISTA)","HORA",8,null,null,null,22.07,{"$f":"E152*I152","v":176.56}]
["CODEVASF","T1","TÉCNICO - PROFISSIONAL PLENO (MECÂNICA)","HORA",8,null,null,null,22.07,176.56]
[{"$nulls":6},"ENCARGOS SOCIAIS",null,{"$f":"'ENCARGOS SOCIAIS'!F45","v":0.89749999999999996},{"$f":"(SUM(J152:J153)*I154)","v":316.93}]
[null,null,"SUB-TOTAL",{"$nulls":6},{"$f":"(SUM(J152:J153)+J154)","v":670.05}]
[null,null,"PRODUÇÃO DA EQUIPE",1,"CUSTO TOTAL ",{"$nulls":4},{"$f":"J141+J145+J149+J155","v":1836.57}]
[{"$nulls":6},"BDI (serviços)",null,{"$f":"'BDI''s'!C34","v":0.26440000000000002},{"$f":"J156*I157","v":485.59}]
[{"$nulls":6},"DBI (Fornecimentos)",null,{"$f":"'BDI''s'!C86","v":0.16},"-"]
["TOTAL DO SERVIÇO ",{"$nulls":8},{"$f":"J156+J157","v":2322.16}]
[]
[]
[]
[]
[]
[]
["CODEVASF",null,null,"1.5"," COMPOSIÇÃO DE PREÇO UNITÁRIO"]
["OBRA",null,"Sistema de Captação Flutuante para o Perímetro de Irrigação Nilo Coelho",{"$nulls":5},"DATA","2015-08-31"]
["SERVIÇO",null,"Instalação de Tanque de Combustível",{"$nulls":5},"UNIDADE: ","Unid."]
["EQUIPAMENTO"]
["FONTE","CÓDIGO","DISCRIMINAÇÃO","UNID.","QUANT.","PROD","IMPROD","P.UNIT. PROD","P.UNIT. IMPR","P.TOTAL"]
["SINAPI",3367,"GUINDASTE AUTO-PROPELIDO, SOBRE PNEUS, C/ LANCA TELESCOPICA CAP * 15T * (INCLUÍDO MANUTENCAO/OPERACAO)","HORA",8,null,null,119.18,null,{"$f":"ROUND(H171*E171,2)","v":953.44}]
["SINAPI",1286,"CAMINHAO CAVALO MECANICO C/ CARRETA PRANCHA CAP 20T (INCLUÍDO MANUT/OPERACAO)","HORA",8,null,null,172.45,null,{"$f":"ROUND(H172*E172,2)","v":1379.6}]
[null,null,"SUB-TOTAL",{"$nulls":6},{"$f":"SUM(J171:J172)","v":2333.04}]
["MATERIAL"]
[null,null,"DISCRIMINAÇÃO","UNID.","QUANT.",null,null,null,"P.UNIT.","P.TOTAL"]
[]
[null,null,"SUB-TOTAL",{"$nulls":6},{"$f":"SUM(J176:J176)","v":0}]
["SERVIÇOS - COMPOSIÇÕES AUXILIARES"]
[null,null,"DISCRIMINAÇÃO","UNID.","QUANT.",null,null,null,"P.UNIT.","P.TOTAL"]
[]
[null,null,"SUB-TOTAL",{"$nulls":6},{"$f":"SUM(J180:J180)","v":0}]
["MÃO DE OBRA"]
[null,null,"DISCRIMINAÇÃO","UNID.","QUANT.",null,null,null,"P.UNIT.","P.TOTAL"]
["CODEVASF","T1","TÉCNICO - PROFISSIONAL PLENO (ELETRICISTA)","HORA",8,null,null,null,22.07,{"$f":"E184*I184","v":176.56}]
["CODEVASF","T1","TÉCNICO - PROFISSIONAL PLENO (MECÂNICA)","HORA",8,null,null,null,22.07,176.56]
[{"$nulls":6},"ENCARGOS SOCIAIS",null,{"$f":"'ENCARGOS SOCIAIS'!F45","v":0.89749999999999996},{"$f":"(SUM(J184:J185)*I186)","v":316.93}]
[null,null,"SUB-TOTAL",{"$nulls":6},{"$f":"(SUM(J184:J185)+J186)","v":670.05}]
[null,null,"PRODUÇÃO DA EQUIPE",1,"CUSTO TOTAL ",{"$nulls":4},{"$f":"J173+J177+J181+J187","v":3003.09}]
[{"$nulls":6},"BDI (serviços)",null,{"$f":"'BDI''s'!C34","v":0.26440000000000002},{"$f":"J188*I189","v":794.02}]
[{"$nulls":6},"DBI (Fornecimentos)",null,{"$f":"'BDI''s'!C86","v":0.16},"-"]
["TOTAL DO SERVIÇO ",{"$nulls":8},{"$f":"J188+J189","v":3797.11}]
{"$rows_empty":7}
["CODEVASF",null,null,"1.6"," COMPOSIÇÃO DE PREÇO UNITÁRIO"]
["OBRA",null,"Sistema de Captação Flutuante para o Perímetro de Irrigação Nilo Coelho",{"$nulls":5},"DATA","2015-08-31"]
["SERVIÇO",null,"Instalação dos CCM's para os Motores",{"$nulls":5},"UNIDADE: ","Unid."]
["EQUIPAMENTO"]
["FONTE","CÓDIGO","DISCRIMINAÇÃO","UNID.","QUANT.","PROD","IMPROD","P.UNIT. PROD","P.UNIT. IMPR","P.TOTAL"]
[]
[null,null,"SUB-TOTAL",{"$nulls":6},{"$f":"SUM(J204:J204)","v":0}]
["MATERIAL"]
[null,null,"DISCRIMINAÇÃO","UNID.","QUANT.",null,null,null,"P.UNIT.","P.TOTAL"]
["SINAPI",1017,"CABO DE COBRE ISOLAMENTO ANTI-CHAMA 0,6/1KV 120MM2 (1 CONDUTOR) TP SINTENAX PIRELLI OU EQUIV","m",5400,null,null,null,63.14,{"$f":"E208*I208","v":340956}]
["SINAPI",1581,"TERMINAL A COMPRESSAO EM COBRE ESTANHADO P/ CABO 120 MM2","Unid.",36,null,null,null,6.7,{"$f":"ROUND(I209*E209,2)","v":241.2}]
[null,null,"SUB-TOTAL",{"$nulls":6},{"$f":"SUM(J208:J209)","v":341197.2}]
["MÃO DE OBRA"]
[null,null,"DISCRIMINAÇÃO","UNID.","QUANT.",null,null,null,"P.UNIT.","P.TOTAL"]
["CODEVASF","P1","ENGENHEIRO - PROFISSIONAL PLENO (CIVIL)","H",4,null,null,null,68.61,{"$f":"E213*I213","v":274.44}]
["CODEVASF","T1","TÉCNICO - PROFISSIONAL PLENO (CIVIL)","H",8,null,null,null,22.07,{"$f":"E214*I214","v":176.56}]
["CODEVASF","T3","TÉCNICO AUXILIAR (CIVIL)","H",8,null,null,null,8.98,71.84]
["CODEVASF","T1","TÉCNICO - PROFISSIONAL PLENO (ELETRICISTA)","H",16,null,null,null,22.07,353.12]
["CODEVASF","T3","TÉCNICO AUXILIAR (ELETRICISTA)","H",16,null,null,null,8.98,143.68]
[{"$nulls":6},"ENCARGOS SOCIAIS",null,{"$f":"'ENCARGOS SOCIAIS'!F45","v":0.89749999999999996},{"$f":"(SUM(J213:J217)*I218)","v":915.13}]
[null,null,"SUB-TOTAL",{"$nulls":6},{"$f":"(SUM(J213:J217)+J218)","v":1934.77}]
[null,null,"PRODUÇÃO DA EQUIPE",1,"CUSTO TOTAL ",{"$nulls":4},{"$f":"J205+J210+J219","v":343131.97}]
[{"$nulls":6},"BDI (serviços)",null,{"$f":"'BDI''s'!C34","v":0.26440000000000002},{"$f":"(J219+J205)*I221","v":511.55}]
[{"$nulls":6},"DBI (Fornecimentos)",null,{"$f":"'BDI''s'!C86","v":0.16},{"$f":"J210*I222","v":54591.55}]
["TOTAL DO SERVIÇO ",{"$nulls":8},{"$f":"J220+J221+J222","v":398235.07}]
["Observação: foi aplicado BDI diferenciado sobre os materiais por representar parcela considerável sobre o valor total do serviço."]
{"$rows_empty":8}
["CODEVASF",null,null,"1.7"," COMPOSIÇÃO DE PREÇO UNITÁRIO"]
["OBRA",null,"Sistema de Captação Flutuante para o Perímetro de Irrigação Nilo Coelho",{"$nulls":5},"DATA","2015-08-31"]
["SERVIÇO",null,"Instalação dos Paineis de Operação",{"$nulls":5},"UNIDADE: ","Unid."]
["EQUIPAMENTO"]
["FONTE","CÓDIGO","DISCRIMINAÇÃO","UNID.","QUANT.","PROD","IMPROD","P.UNIT. PROD","P.UNIT. IMPR","P.TOTAL"]
[]
[null,null,"SUB-TOTAL",{"$nulls":6},{"$f":"SUM(J238:J238)","v":0}]
["MATERIAL"]
[null,null,"DISCRIMINAÇÃO","UNID.","QUANT.",null,null,null,"P.UNIT.","P.TOTAL"]
["SINAPI",993,"CABO DE COBRE ISOLAMENTO ANTI-CHAMA 0,6/1KV 1,5MM2 (1 CONDUTOR) TP SINTENAX PIRELLI OU EQUIV, PARA INTERLIGAÇÃO DOS EQUIPAMENTOS, INCLUSIVE INSTRUMENTAÇÃO","M",950,null,null,null,1.65,{"$f":"ROUND(I242*E242,2)","v":1567.5}]
[null,null,"SUB-TOTAL",{"$nulls":6},{"$f":"SUM(J242:J242)","v":1567.5}]
["MÃO DE OBRA"]
[null,null,"DISCRIMINAÇÃO","UNID.","QUANT.",null,null,null,"P.UNIT.","P.TOTAL"]
["CODEVASF","P1","ENGENHEIRO - PROFISSIONAL PLENO (ELETRÔNICA)","HORA",40,null,null,null,68.61,{"$f":"E246*I246","v":2744.4}]
["CODEVASF","T1","TÉCNICO - PROFISSIONAL PLENO (ELETRÔNICA)","HORA",80,null,null,null,22.07,{"$f":"E247*I247","v":1765.6}]
["CODEVASF","T1","TÉCNICO - PROFISSIONAL PLENO (ELETRICISTA)","HORA",80,null,null,null,22.07,1765.6]
[{"$nulls":6},"ENCARGOS SOCIAIS",null,{"$f":"'ENCARGOS SOCIAIS'!F45","v":0.89749999999999996},{"$f":"(SUM(J246:J248)*I249)","v":5632.35}]
[null,null,"SUB-TOTAL",{"$nulls":6},{"$f":"(SUM(J246:J248)+J249)","v":11907.95}]
[null,null,"PRODUÇÃO DA EQUIPE",1,"CUSTO TOTAL ",{"$nulls":4},{"$f":"J239+J243+J250","v":13475.45}]
[{"$nulls":6},"BDI (serviços)",null,{"$f":"'BDI''s'!C34","v":0.26440000000000002},{"$f":"J251*I252","v":3562.91}]
[{"$nulls":6},"DBI (Fornecimentos)",null,{"$f":"'BDI''s'!C86","v":0.16},"-"]
["TOTAL DO SERVIÇO ",{"$nulls":8},{"$f":"J251+J252","v":17038.36}]
{"$rows_empty":8}
["CODEVASF",null,null,"1.9"," COMPOSIÇÃO DE PREÇO UNITÁRIO"]
["OBRA",null,"Sistema de Captação Flutuante para o Perímetro de Irrigação Nilo Coelho",{"$nulls":5},"DATA","2015-08-31"]
["SERVIÇO",null,"Instalação do Sistema de Bombeamento Flutuante",{"$nulls":5},"UNIDADE: ","Unid."]
["EQUIPAMENTO"]
["FONTE","CÓDIGO","DISCRIMINAÇÃO","UNID.","QUANT.","PROD","IMPROD","P.UNIT. PROD","P.UNIT. IMPR","P.TOTAL"]
["SINAPI",1143,"CAMINHAO TRUCADO (3 EIXOS) COM CARROCERIA DE MADEIRA FIXA, CAPACIDADE DE *10 A 12* T (LOCACAO SEM MOTORISTA)","HORA",48,null,null,67.5,null,{"$f":"ROUND(H268*E268,2)","v":3240}]
["SINAPI",3367,"GUINDASTE AUTO-PROPELIDO, SOBRE PNEUS, C/ LANCA TELESCOPICA CAP * 15T * (INCL MANUTENCAO/OPERACAO)","HORA",48,null,null,119.18,null,{"$f":"ROUND(H269*E269,2)","v":5720.64}]
[null,null,"SUB-TOTAL",{"$nulls":6},{"$f":"SUM(J268:J269)","v":8960.64}]
["MATERIAL"]
[null,null,"DISCRIMINAÇÃO","UNID.","QUANT.",null,null,null,"P.UNIT.","P.TOTAL"]
[]
[null,null,"SUB-TOTAL",{"$nulls":6},{"$f":"SUM(J273:J273)","v":0}]
["MÃO DE OBRA"]
[null,null,"DISCRIMINAÇÃO","UNID.","QUANT.",null,null,null,"P.UNIT.","P.TOTAL"]
["CODEVASF","T1","TÉCNICO - PROFISSIONAL PLENO (ELETRICISTA)","HORA",44,null,null,null,22.07,{"$f":"E277*I277","v":971.08}]
["CODEVASF","T3","TÉCNICO AUXILIAR (ELETRICISTA)","HORA",44,null,null,null,8.98,395.12]
["CODEVASF","T1","TÉCNICO - PROFISSIONAL PLENO (MECÂNICA)","HORA",88,null,null,null,22.07,1942.16]
["CODEVASF","T3","TÉCNICO AUXILIAR (MECÂNICA)","HORA",176,null,null,null,8.98,1580.48]
["CODEVASF","P1","ENGENHEIRO - PROFISSIONAL PLENO (CIVIL)","HORA",8,null,null,null,68.61,548.88]
["CODEVASF","T3","TÉCNICO AUXILIAR (CIVIL)","HORA",132,null,null,null,8.98,1185.3599999999999]
["SINAPI",248,"AJUDANTE GERAL","HORA",88,null,null,null,8.5,748]
["SINAPI",4093,"MOTORISTA DE CAMINHAO","HORA",44,null,null,null,19.84,872.96]
[{"$nulls":6},"ENCARGOS SOCIAIS",null,{"$f":"'ENCARGOS SOCIAIS'!F45","v":0.89749999999999996},{"$f":"(SUM(J277:J282)*I285)","v":5944.21}]
[null,null,"SUB-TOTAL",{"$nulls":6},{"$f":"(SUM(J277:J284)+J285)","v":14188.25}]
[null,null,"PRODUÇÃO DA EQUIPE",1,"CUSTO TOTAL ",{"$nulls":4},{"$f":"J270+J274+J286","v":23148.89}]
[{"$nulls":6},"BDI (serviços)",null,{"$f":"'BDI''s'!C34","v":0.26440000000000002},{"$f":"J287*I288","v":6120.57}]
[{"$nulls":6},"DBI (Fornecimentos)",null,{"$f":"'BDI''s'!C86","v":0.16},"-"]
["TOTAL DO SERVIÇO ",{"$nulls":8},{"$f":"J287+J288","v":29269.46}]
{"$rows_empty":7}
["CODEVASF",null,null,"1.10"," COMPOSIÇÃO DE PREÇO UNITÁRIO"]
["OBRA",null,"Sistema de Captação Flutuante para o Perímetro de Irrigação Nilo Coelho",{"$nulls":5},"DATA","2015-08-31"]
["SERVIÇO",null,"Instalação dos Equipamentos de Detecção e Combate a Incêndio",{"$nulls":5},"UNIDADE: ","Unid."]
["EQUIPAMENTO"]
["FONTE","CÓDIGO","DISCRIMINAÇÃO","UNID.","QUANT.","PROD","IMPROD","P.UNIT. PROD","P.UNIT. IMPR","P.TOTAL"]
[]
[]
[null,null,"SUB-TOTAL",{"$nulls":6},{"$f":"SUM(J303:J304)","v":0}]
["MATERIAL"]
[null,null,"DISCRIMINAÇÃO","UNID.","QUANT.",null,null,null,"P.UNIT.","P.TOTAL"]
["ORSE",11195,"AVISADOR SONORO TIPO SIRENE PARA INCÊNDIO","UNID.",1,null,null,null,225.1,{"$f":"ROUND(I308*E308,2)","v":225.1}]
["SINAPI",10889,"EXTINTOR DE INCENDIO PORTATIL COM CARGA DE GAS CARBONICO CO2 DE 6 KG, CLASSE BC","UNID.",10,null,null,null,417,4170]
["ORSE",9000,"EXTINTOR DE PÓ QUÍMICO (PQS), CAPACIDADE 20 KG SOBRE RODAS","UNID.",4,null,null,null,1524.98,6099.92]
[null,null,"SUB-TOTAL",{"$nulls":6},{"$f":"SUM(J308:J310)","v":10495.02}]
["MÃO DE OBRA"]
[null,null,"DISCRIMINAÇÃO","UNID.","QUANT.",null,null,null,"P.UNIT.","P.TOTAL"]
["CODEVASF","T1","TÉCNICO - PROFISSIONAL PLENO","HORA",24,null,null,null,22.07,{"$f":"E314*I314","v":529.67999999999995}]
["CODEVASF","T3","TÉCNICO AUXILIAR","HORA",24,null,null,null,8.98,215.52]
[{"$nulls":6},"ENCARGOS SOCIAIS",null,{"$f":"'ENCARGOS SOCIAIS'!F45","v":0.89749999999999996},{"$f":"(SUM(J314:J315)*I316)","v":668.82}]
[null,null,"SUB-TOTAL",{"$nulls":6},{"$f":"(SUM(J314:J315)+J316)","v":1414.02}]
[null,null,"PRODUÇÃO DA EQUIPE",1,"CUSTO TOTAL ",{"$nulls":4},{"$f":"J305+J311+J317","v":11909.04}]
[{"$nulls":6},"BDI (serviços)",null,{"$f":"'BDI''s'!C34","v":0.26440000000000002},{"$f":"J318*I319","v":3148.75}]
[{"$nulls":6},"DBI (Fornecimentos)",null,{"$f":"'BDI''s'!C86","v":0.16},"-"]
["TOTAL DO SERVIÇO ",{"$nulls":8},{"$f":"J318+J319","v":15057.79}]
[]
[]
[]
[]
[]
[]
["CODEVASF",null,null,"1.11"," COMPOSIÇÃO DE PREÇO UNITÁRIO"]
["OBRA",null,"Sistema de Captação Flutuante para o Perímetro de Irrigação Nilo Coelho",{"$nulls":5},"DATA","2015-08-31"]
["SERVIÇO",null,"Instalação, Montagem e Testes dos Equipamentos de Iluminação",{"$nulls":5},"UNIDADE: ","Unid."]
["EQUIPAMENTO"]
["FONTE","CÓDIGO","DISCRIMINAÇÃO","UNID.","QUANT.","PROD","IMPROD","P.UNIT. PROD","P.UNIT. IMPR","P.TOTAL"]
["SINAPI",3345,"GRUPO GERADOR ACIMA DE * 20 ATE 80KVA * DIESEL, REBOCAVEL, ACIONAMENTO MANUAL","H",{"$f":"150*24","v":3600},null,null,10.66,null,{"$f":"H333*E333","v":38376}]
[null,null,"SUB-TOTAL",{"$nulls":6},{"$f":"SUM(J333:J333)","v":38376}]
["MATERIAL"]
[null,null,"DISCRIMINAÇÃO","UNID.","QUANT.",null,null,null,"P.UNIT.","P.TOTAL"]
["SINAPI",3787,"LUMINARIA FECHADA P/ ILUMINACAO PUBLICA, TIPO X-35 PETERCO OU EQUIV,  (COMPLETA, INCL. LAMPADA VAPOR MERCURIO 400W)","UNID.",12,null,null,null,376.6,{"$f":"E337*I337","v":4519.2}]
["SINAPI",1021,"CABO DE COBRE ISOLAMENTO ANTI-CHAMA 0,6/1KV 4MM2 (1 CONDUTOR) TP SINTENAX PIRELLI OU EQUIV","M",800,null,null,null,3.53,{"$f":"E338*I338","v":2824}]
["SINAPI",21136,"ELETRODUTO FERRO GALV OU ZINCADO ELETROLIT LEVE PAREDE 0,90MM - 1\" NBR 13057","M",250,null,null,null,6.85,1712.5]
["SINAPI",2570,"CONDULETE TIPO \"LR\" EM LIGA ALUMINIO P/ ELETRODUTO ROSCADO 1\"","UNID.",8,null,null,null,12.63,101.04]
["SINAPI",2586,"CONDULETE TIPO \"T\" EM LIGA ALUMINIO P/ ELETRODUTO ROSCADO 1\"","UNID.",17,null,null,null,14.92,253.64]
["SINAPI",855,"BUCHA E ARRUELA ALUMINIO FUNDIDO P/ ELETRODUTO 25MM (1'')","UNID.",17,null,null,null,1.46,24.82]
["SINAPI",10956,"BASE P/ MASTRO DE PARA-RAIOS - 2\" ","UNID.",12,null,null,null,83.38,1000.56]
["SINAPI",12358,"MASTRO SIMPLES GALV, C/ LUVA DE REDUCAO, DN 2'' X 3,00M ","UNID.",12,null,null,null,172.11,2065.3200000000002]
["SINAPI",3807,"LUMINARIA PROVA DE TEMPO E GASES, TIPO YLC-16/1 CASTIMETAL OU EQUIV, C/ LAMPADA DE 100W (PARA ILUMINAÇÃO DAS ÁREAS INTERIORES)","UNID.",6,null,null,null,125.89,755.34]
["SINAPI",12129,"INTERRUPTOR SOBREPOR 2 TECLAS SIMPLES, TIPO SILENTOQUE PIAL OU EQUIV","UNID.",4,null,null,null,10.51,42.04]
["SINAPI",12147,"TOMADA SOBREPOR 3P UNIVERSAL 10A/250V, TIPO SILENTOQUE PIAL OU EQUIV","UNID.",4,null,null,null,13.28,53.12]
[null,null,"SUB-TOTAL",{"$nulls":6},{"$f":"SUM(J337:J347)","v":13351.58}]
["MÃO DE OBRA"]
[null,null,"DISCRIMINAÇÃO","UNID.","QUANT.",null,null,null,"P.UNIT.","P.TOTAL"]
["CODEVASF","T1","TÉCNICO - PROFISSIONAL PLENO (ELETRICISTA)","HORA",40,null,null,null,22.07,{"$f":"E351*I351","v":882.8}]
["CODEVASF","T3","TÉCNICO AUXILIAR (ELETRICISTA)","HORA",80,null,null,null,8.98,718.4]
[{"$nulls":6},"ENCARGOS SOCIAIS",null,{"$f":"'ENCARGOS SOCIAIS'!F45","v":0.89749999999999996},{"$f":"(SUM(J351:J352)*I353)","v":1437.08}]
[null,null,"SUB-TOTAL",{"$nulls":6},{"$f":"(SUM(J351:J352)+J353)","v":3038.28}]
[null,null,"PRODUÇÃO DA EQUIPE",1,"CUSTO TOTAL ",{"$nulls":4},{"$f":"J334+J348+J354","v":54765.86}]
[{"$nulls":6},"BDI (serviços)",null,{"$f":"'BDI''s'!C34","v":0.26440000000000002},{"$f":"J355*I356","v":14480.09}]
[{"$nulls":6},"DBI (Fornecimentos)",null,{"$f":"'BDI''s'!C86","v":0.16},"-"]
["TOTAL DO SERVIÇO ",{"$nulls":8},{"$f":"J355+J356","v":69245.95}]
{"$rows_empty":32}
["CODEVASF",null,null,"1.12"," COMPOSIÇÃO DE PREÇO UNITÁRIO"]
["OBRA",null,"Sistema de Captação Flutuante para o Perímetro de Irrigação Nilo Coelho",{"$nulls":5},"DATA","2015-08-31"]
["SERVIÇO",null,"Instalação do Sistema de Aterramento",{"$nulls":5},"UNIDADE: ","Unid."]
["EQUIPAMENTO"]
["FONTE","CÓDIGO","DISCRIMINAÇÃO","UNID.","QUANT.","PROD","IMPROD","P.UNIT. PROD","P.UNIT. IMPR","P.TOTAL"]
[]
[null,null,"SUB-TOTAL",{"$nulls":6},{"$f":"SUM(J396:J396)","v":0}]
["MATERIAL"]
[null,null,"DISCRIMINAÇÃO","UNID.","QUANT.",null,null,null,"P.UNIT.","P.TOTAL"]
["SINAPI",1578,"TERMINAL A COMPRESSAO EM COBRE ESTANHADO P/ CABO 50MM2","UNID.",74,null,null,null,2.74,{"$f":"ROUND(I400*E400,2)","v":202.76}]
["SINAPI",867,"CABO DE COBRE NU 50 MM2","M",5440,null,null,null,23.03,{"$f":"ROUND(I401*E401,2)","v":125283.2}]
["SINAPI",3380,"HASTE DE ATERRAMENTO EM ACO, REVESTIDA COM CAMADA DE COBRE (254 MICR), COM 3,00 M DE COMPRIMENTO E DN = 5/8\", COM CONECTOR TIPO GRAMPO","UNID.",10,null,null,null,34.69,{"$f":"ROUND(I402*E402,2)","v":346.9}]
[null,null,"SUB-TOTAL",{"$nulls":6},{"$f":"SUM(J400:J402)","v":125832.86}]
["MÃO DE OBRA"]
[null,null,"DISCRIMINAÇÃO","UNID.","QUANT.",null,null,null,"P.UNIT.","P.TOTAL"]
["CODEVASF","T1","TÉCNICO - PROFISSIONAL PLENO (ELETRICISTA)","HORA",40,null,null,null,22.07,{"$f":"E406*I406","v":882.8}]
["CODEVASF","T3","TÉCNICO AUXILIAR (ELETRICISTA)","HORA",160,null,null,null,8.98,1436.8]
[{"$nulls":6},"ENCARGOS SOCIAIS",null,{"$f":"'ENCARGOS SOCIAIS'!F45","v":0.89749999999999996},{"$f":"(SUM(J406:J407)*I408)","v":2081.84}]
[null,null,"SUB-TOTAL",{"$nulls":6},{"$f":"(SUM(J406:J407)+J408)","v":4401.4399999999996}]
[null,null,"PRODUÇÃO DA EQUIPE",1,"CUSTO TOTAL ",{"$nulls":4},{"$f":"J397+J403+J409","v":130234.3}]
[{"$nulls":6},"BDI (serviços)",null,{"$f":"'BDI''s'!C34","v":0.26440000000000002},{"$f":"(J409+J397)*I411","v":1163.74}]
[{"$nulls":6},"DBI (Fornecimentos)",null,{"$f":"'BDI''s'!C86","v":0.16},{"$f":"J403*I412","v":20133.259999999998}]
["TOTAL DO SERVIÇO ",{"$nulls":8},{"$f":"J410+J411+J412","v":151531.29999999999}]
["Observação: foi aplicado BDI diferenciado sobre os materiais por representar parcela considerável sobre o valor total do serviço."]
{"$rows_empty":8}
["CODEVASF",null,null,"1.13"," COMPOSIÇÃO DE PREÇO UNITÁRIO"]
["OBRA",null,"Sistema de Captação Flutuante para o Perímetro de Irrigação Nilo Coelho",{"$nulls":5},"DATA","2015-08-31"]
["SERVIÇO",null,"Comissionamento e Start-up",{"$nulls":5},"UNIDADE: ","Unid."]
["EQUIPAMENTO"]
["FONTE","CÓDIGO","DISCRIMINAÇÃO","UNID.","QUANT.","PROD","IMPROD","P.UNIT. PROD","P.UNIT. IMPR","P.TOTAL"]
[]
[null,null,"SUB-TOTAL",{"$nulls":6},{"$f":"SUM(J428:J428)","v":0}]
["MATERIAL"]
[null,null,"DISCRIMINAÇÃO","UNID.","QUANT.",null,null,null,"P.UNIT.","P.TOTAL"]
[]
[null,null,"SUB-TOTAL",{"$nulls":6},{"$f":"SUM(J432:J432)","v":0}]
["MÃO DE OBRA"]
[null,null,"DISCRIMINAÇÃO","UNID.","QUANT.",null,null,null,"P.UNIT.","P.TOTAL"]
["CODEVASF","T1","TÉCNICO - PROFISSIONAL PLENO (ELETRICISTA)","HORA",{"$f":" 44 * 1","v":44},null,null,null,22.07,{"$f":"E436*I436","v":971.08}]
["CODEVASF","T3","TÉCNICO AUXILIAR (ELETRICISTA)","HORA",88,null,null,null,8.98,790.24]
["CODEVASF","T1","TÉCNICO - PROFISSIONAL PLENO (MECÂNICA)","HORA",{"$f":" 44 * 1","v":44},null,null,null,22.07,971.08]
["CODEVASF","T3","TÉCNICO AUXILIAR (MECÂNICA)","HORA",88,null,null,null,8.98,790.24]
["CODEVASF","P1","ENGENHEIRO - PROFISSIONAL PLENO (ELETRÔNICO)","HORA",44,null,null,null,68.61,3018.84]
["CODEVASF","T1","TÉCNICO - PROFISSIONAL PLENO (ELETRÔNICO)","HORA",{"$f":" 44 * 1","v":44},null,null,null,22.07,971.08]
["CODEVASF","T3","TÉCNICO AUXILIAR (ELETRÔNICO)","HORA",88,null,null,null,8.98,790.24]
[{"$nulls":6},"ENCARGOS SOCIAIS",null,{"$f":"'ENCARGOS SOCIAIS'!F45","v":0.89749999999999996},{"$f":"(SUM(J436:J442)*I443)","v":7451.76}]
[null,null,"SUB-TOTAL",{"$nulls":6},{"$f":"(SUM(J436:J442)+J443)","v":15754.56}]
[null,null,"PRODUÇÃO DA EQUIPE",1,"CUSTO TOTAL ",{"$nulls":4},{"$f":"J429+J433+J444","v":15754.56}]
[{"$nulls":6},"BDI (serviços)",null,{"$f":"'BDI''s'!C34","v":0.26440000000000002},{"$f":"J445*I446","v":4165.51}]
[{"$nulls":6},"DBI (Fornecimentos)",null,{"$f":"'BDI''s'!C86","v":0.16},"-"]
["TOTAL DO SERVIÇO ",{"$nulls":8},{"$f":"J445+J446","v":19920.07}]
{"$rows_empty":8}
["CODEVASF",null,null,"1.14"," COMPOSIÇÃO DE PREÇO UNITÁRIO"]
["OBRA",null,"Sistema de Captação Flutuante para o Perímetro de Irrigação Nilo Coelho",{"$nulls":5},"DATA","2015-08-31"]
["SERVIÇO",null,"Elaboração de Projeto Executivo",{"$nulls":5},"UNIDADE: ","Unid."]
["EQUIPAMENTO"]
["FONTE","CÓDIGO","DISCRIMINAÇÃO","UNID.","QUANT.","PROD","IMPROD","P.UNIT. PROD","P.UNIT. IMPR","P.TOTAL"]
[]
[null,null,"SUB-TOTAL",{"$nulls":6},{"$f":"SUM(J462:J462)","v":0}]
["MATERIAL"]
[null,null,"DISCRIMINAÇÃO","UNID.","QUANT.",null,null,null,"P.UNIT.","P.TOTAL"]
[]
[null,null,"SUB-TOTAL",{"$nulls":6},{"$f":"J466","v":0}]
["MÃO DE OBRA"]
[null,null,"DISCRIMINAÇÃO","UNID.","QUANT.",null,null,null,"P.UNIT.","P.TOTAL"]
["CODEVASF","P1","ENGENHEIRO - PROFISSIONAL PLENO (ELETRICISTA)","HORA",160,null,null,null,68.61,{"$f":"E470*I470","v":10977.6}]
["CODEVASF","P1","ENGENHEIRO - PROFISSIONAL PLENO (ELETRÔNICA)","HORA",40,null,null,null,68.61,{"$f":"E471*I471","v":2744.4}]
["CODEVASF","P1","ENGENHEIRO - PROFISSIONAL PLENO (CIVIL)","HORA",40,null,null,null,68.61,2744.4]
["CODEVASF","P1","ENGENHEIRO - PROFISSIONAL PLENO (MECÂNICA)","HORA",160,null,null,null,68.61,10977.6]
["CODEVASF","P1","ENGENHEIRO - PROFISSIONAL PLENO (AMBIENTAL)","HORA",40,null,null,null,68.61,2744.4]
["CODEVASF","P2","ENGENHEIRO - PROFISSIONAL PLENO (AGRIMENSOR)","HORA",40,null,null,null,68.61,2744.4]
["SINAPI",7592,"TOPOGRAFO","HORA",88,null,null,null,14,1232]
["SINAPI",2358,"DESENHISTA PROJETISTA","HORA",120,null,null,null,35.31,4237.2]
["SINAPI",2355,"DESENHISTA DETALHISTA","HORA",120,null,null,null,23.62,2834.4]
[{"$nulls":6},"ENCARGOS SOCIAIS",null,{"$f":"'ENCARGOS SOCIAIS'!F45","v":0.89749999999999996},{"$f":"(SUM(J470:J475)*I479)","v":29557.19}]
[null,null,"SUB-TOTAL",{"$nulls":6},{"$f":"(SUM(J470:J478)+J479)","v":70793.59}]
[null,null,"PRODUÇÃO DA EQUIPE",1,"CUSTO TOTAL ",{"$nulls":4},{"$f":"J463+J467+J480","v":70793.59}]
[{"$nulls":6},"BDI (serviços)",null,{"$f":"'BDI''s'!C34","v":0.26440000000000002},{"$f":"J481*I482","v":18717.830000000002}]
[{"$nulls":6},"DBI (Fornecimentos)",null,{"$f":"'BDI''s'!C86","v":0.16},"-"]
["TOTAL DO SERVIÇO ",{"$nulls":8},{"$f":"J481+J482","v":89511.42}]

{"sheet":"Fornecimentos","index":2,"n_rows":17,"n_cols":7,"rows_kept":17,"cut":false,"hidden":false,"merged":[[16,0,16,4],[8,0,9,0],[8,1,9,1],[8,2,9,2],[8,3,9,3],[8,4,9,4],[8,5,8,6],[0,0,4,6],[5,0,5,6],[6,5,6,6],[7,5,7,6],[6,0,7,4]]}
[]
[]
[]
[]
[]
["Fornecimento de Sistema de Captação Flutuante, Sistema de Acionamento de Motores de Indução Trifásicos e Grupo Gerador necessário para o Perímetro Irrigado Senador Nilo Coelho"]
["PLANILHA ORÇAMENTÁRIA DE FORNECIMENTOS",{"$nulls":4},"VALOR TOTAL (R$)"]
[{"$nulls":5},{"$f":"G17","v":1766015.44}]
["ITEM","CÓDIGO","DISCRIMINAÇÃO","UNID.","QUANT.","PREÇO (R$)"]
[{"$nulls":5},"UNITÁRIO","TOTAL"]
[1,"Cotação","Aluguel de Gerador","mês",4,{"$f":"'RESUMO COTAÇÃO GERAL'!F13","v":19800},{"$f":"E11*F11","v":79200}]
[2,"cotação","Aluguel de Tanque de Combustível de 10.000 Litros ","mês",4,{"$f":"'RESUMO COTAÇÃO GERAL'!F16","v":3500},{"$f":"E12*F12","v":14000}]
[3,"Cotação","Painel com Três (03) Colunas, Sendo Uma com Disjunção, e as Outras com Dois (02) Softstarters, IHM, MMGE, Protetores de Surto e Material de Instalação,Conforme Especificações Técnicas.","Unid.",1,{"$f":"'RESUMO COTAÇÃO GERAL'!F19","v":245300},245300]
[4,"cotação","Flutuadores para apoio e sustentação dos cabos elétricos (sobre a lamina d'água até sistema de geração elétrico), com bandejas e sistema de ancoragem.","cj",45,{"$f":"'RESUMO COTAÇÃO GERAL'!F22","v":3755.65},169004.25]
[5,"Cotação","Painel de Acionamento - Captação, Conforme Especificações Técnicas","Unid.",1,{"$f":"'RESUMO COTAÇÃO GERAL'!F25","v":116356},116356]
[6,"Cotação","Motobamba abrigada sobre estrutura flutuante e seus acessórios","cj",1,{"$f":"'RESUMO COTAÇÃO GERAL'!F10","v":1142155.19},1142155.19]
[{"$nulls":5},"Total",{"$f":"SUM(G11:G16)","v":1766015.44}]

{"sheet":"BDI's","index":3,"n_rows":102,"n_cols":9,"rows_kept":102,"cut":false,"hidden":false,"merged":[[83,4,83,5],[69,8,69,11],[100,1,100,6],[101,1,101,6],[84,8,84,12],[65,8,65,11],[66,11,66,13],[67,8,67,11],[68,8,68,11],[82,1,82,3],[57,1,58,6],[59,1,60,1],[59,2,60,6],[61,1,62,1],[61,2,62,2],[30,1,30,3],[31,4,31,5],[53,1,55,6],[56,1,56,6],[49,1,49,6],[50,1,50,6],[1,1,5,6],[6,1,6,6],[7,1,8,6],[9,2,9,6],[10,1,11,1],[10,2,11,2]]}
[]
[]
[]
[]
[]
[]
[null,"DETALHAMENTO DO BDI - SERVIÇOS"]
[null,{"$f":"#REF!","v":{"$error":"#REF!"}}]
[null,"EXECUÇÃO DAS OBRAS E SERVIÇOS RELATIVOS À CONSTRUÇÃO DO SISTEMA SIMPLIFICADO DE ABASTECIMENTO D'ÁGUA DAS LOCALIDADES MURICY AMADOR, SÍTIO NOVO, SÍTIO RIACHO, SÍTIO PAI E FILHO E SÍTIO FAVELA, PERTENCENTES À ZONA RURAL DO MUNICÍPIO PERNAMBUCANO DE PETROLINA, EM ÁREA DE ATUAÇÃO DA CODEVASF/3ªSR.",{"$nulls":6}," "]
[null,"CD:",100000]
[null,"Item","Descrição dos Serviços","%","%","Valor","BDI"," "]
[null,null,null,"PV","CD","(R$)","(R$)"]
[null,1,"ADMINISTRAÇÃO CENTRAL ( AC )",null,4," ",{"$f":"C10*E13/100","v":4000}," "]
[null," "," "," "," "," "]
[null,2,"IMPOSTOS E TAXAS ( I )",{"$f":"SUM(D16:D19)","v":9.65},{"$f":"ROUND(D15,2)","v":9.65}," ",{"$f":"C10*E15/100","v":9650}]
[null,"3.1","ISS",4,null,null,{"$f":"C10*D16/100","v":4000}]
[null,"3.2","PIS",0.65,null,null,{"$f":"C10*D17/100","v":650}]
[null,"3.3","CPRB",2,null,null,{"$f":"C10*D18/100","v":2000}]
[null,"3.3","Cofins",3,null,null,{"$f":"C10*D19/100","v":3000}]
[]
[null,3,"TAXA DE RISCO ( R )",null,1,null,{"$f":"C10*E21/100","v":1000}]
[]
[null,4,"TAXA DE SEGUROS ( S )",null,0.2,null,{"$f":"C10*E23/100","v":200}]
[]
[null,5,"GARANTIAS ( G )",null,0.2,null,{"$f":"C10*E25/100","v":200}," "]
[]
[null,4,"DESPESAS FINANCEIRAS ( DF )",null,1.01,null,{"$f":"C10*E27/100","v":1010}," "]
[]
[null,5,"LUCRO ( L )",null,7.3,null,{"$f":"C10*E29/100","v":7300}]
[]
[null," ",{"$nulls":4},{"$f":"C10*C34%","v":264.39999999999998}]
[{"$nulls":4},"PV = ",null,{"$f":"C10*(1+C34%)","v":100264.4}]
[null,"BDI =",{"$f":"ROUND((((1+D36+D40 + D42 + D44)*(1+D46)*(1+D48)/(1-D38))-1)*100,4)","v":26.44},"calculado"]
[null,"BDI =",{"$f":"C33/100","v":0.26440000000000002},"adotado"]
[]
[null," ","AC =",{"$f":"E13/100","v":0.04},null,"Administração Central"]
[null," "]
[null,null,"I =",{"$f":"D15/100","v":9.6500000000000002E-2},null,"Impostos"]
[]
[null,null,"R =",{"$f":"E21/100","v":0.01},null,"Risco"]
[]
[null,null,"S =",{"$f":"E23/100","v":2E-3},null,"Seguros"]
[]
[null,null,"G = ",{"$f":"E25/100","v":2E-3},null,"Garantias"]
[null,null," "," ",null," "]
[null,null,"DF  =",{"$f":"E27/100","v":1.01E-2},null,"Despesas financeiras"]
[]
[null,null,"L =",{"$f":"E29/100","v":7.2999999999999995E-2},null,"Lucro"]
[]
[null,"BDI = ((1+AC+S+R+G)(1+DF)(1+L)/(1-I))-1"]
[null,"Acórdão nº 2369/2011"]
[]
[]
[]
[]
[]
[null,"DETALHAMENTO DO BDI - MATERIAIS"]
[null,{"$f":"#REF!","v":{"$error":"#REF!"}}]
[null,"EXECUÇÃO DAS OBRAS E SERVIÇOS RELATIVOS À CONSTRUÇÃO DO SISTEMA SIMPLIFICADO DE ABASTECIMENTO D'ÁGUA DAS LOCALIDADES MURICY AMADOR, SÍTIO NOVO, SÍTIO RIACHO, SÍTIO PAI E FILHO E SÍTIO FAVELA, PERTENCENTES À ZONA RURAL DO MUNICÍPIO PERNAMBUCANO DE PETROLINA, EM ÁREA DE ATUAÇÃO DA CODEVASF/3ªSR."]
[null,"CD:",100000]
[]
[null,"Item","Descrição dos Serviços","%","%","Valor","BDI"]
[null,null,null,"PV","CD","(R$)","(R$)"]
[]
[null,1,"ADMINISTRAÇÃO CENTRAL ( AC )",null,3.9,null,{"$f":"C60*E65/100","v":3900}]
[null," "," "," "," "]
[null,2,"IMPOSTOS E TAXAS ( I )",{"$f":"SUM(D68:D71)","v":3.65},{"$f":"ROUND(D67,2)","v":3.65},null,{"$f":"C60*E67/100","v":3650}]
[null,"2.1","ISS",0,null,null,{"$f":"C60*D68/100","v":0}]
[null,"2.2","PIS",0.65,null,null,{"$f":"C60*D69/100","v":650}]
[null,"2.3","CPRB",0,null,null,{"$f":"C60*D70/100","v":0}]
[null,"2.4","COFINS",3,null,null,{"$f":"C60*D71/100","v":3000}]
[]
[null,3,"TAXA DE RISCO ( R )",null,0.9,null,{"$f":"C60*E73/100","v":900}]
[]
[null,4,"TAXA DE SEGUROS ( S )",null,0.25,null,{"$f":"C60*E75/100","v":250}]
[]
[null,5,"GARANTIAS ( G )",null,0.25,null,{"$f":"C60*E77/100","v":250}]
[]
[null,6,"DESPESAS FINANCEIRAS ( DF )",null,0.9,null,{"$f":"C60*E79/100","v":900}]
[]
[null,7,"LUCRO ( L )",null,5.19,null,{"$f":"C60*E81/100","v":5190}]
[]
[null,"BDI CALCULADO",{"$nulls":4},{"$f":"C60*C86%","v":160}]
[{"$nulls":4},"PV = ",null,{"$f":"C60+G83","v":100160}]
[null,"BDI =",{"$f":"ROUND((((1+D88+D92 + D94 + D96)*(1+D98)*(1+D100)/(1-D90))-1)*100,4)","v":16},"calculado"]
[null,"BDI =",{"$f":"C85/100","v":0.16},"adotado"]
[]
[null," ","AC =",{"$f":"E65/100","v":3.9E-2},null,"Administração Central"]
[null," "]
[null,null,"I =",{"$f":"D67/100","v":3.6499999999999998E-2},null,"Impostos"]
[]
[null,null,"R =",{"$f":"E73/100","v":8.9999999999999993E-3},null,"Risco"]
[]
[null,null,"S =",{"$f":"E75/100","v":2.5000000000000001E-3},null,"Seguros"]
[]
[null,null,"G = ",{"$f":"E77/100","v":2.5000000000000001E-3},null,"Garantias"]
[null,null," "," ",null," "]
[null,null,"DF  =",{"$f":"E79/100","v":8.9999999999999993E-3},null,"Despesas financeiras"]
[]
[null,null,"L =",{"$f":"E81/100","v":5.1900000000000002E-2},null,"Lucro"]
[null,"BDI = ((1+AC+S+R+G)(1+DF)(1+L)/(1-I))-1"]
[null,"Acórdão nº 2369/2011"]

{"sheet":"Adutora Bruta de Recalque","index":4,"n_rows":86,"n_cols":11,"rows_kept":86,"cut":false,"hidden":true,"merged":[[85,4,85,6],[82,4,82,6],[72,4,72,6],[71,0,71,6],[81,4,81,6],[83,0,83,6],[84,4,84,6],[62,0,62,6],[77,5,77,6],[78,0,78,6],[79,0,79,6],[80,0,80,6],[65,4,65,6],[66,0,66,6],[67,0,67,6],[68,4,68,6],[69,4,69,6],[70,0,70,6],[74,0,74,6],[65,0,65,1],[69,0,69,1],[75,4,75,6],[76,4,76,6],[44,4,44,5],[45,4,45,5],[48,4,48,5],[46,0,46,5],[47,0,47,5],[64,4,64,6],[49,4,49,5],[51,0,51,6],[50,0,50,6],[52,4,52,6],[53,4,53,6],[49,0,49,1],[59,4,59,6],[60,4,60,6],[61,0,61,6],[63,0,63,6],[54,4,54,6],[55,0,55,6],[56,0,56,6],[57,4,57,6],[58,4,58,6],[39,0,39,5],[40,0,40,6],[41,0,41,1],[41,4,41,5],[42,0,42,1],[42,4,42,5],[26,0,26,6],[73,4,73,6],[27,0,27,6],[28,0,28,6],[29,0,29,6],[30,4,30,6],[31,4,31,6],[30,0,31,1],[32,0,32,6],[33,2,33,5],[43,0,43,5],[34,4,34,5],[35,4,35,5],[36,4,36,5],[38,4,38,5],[37,0,37,5],[23,0,25,1],[23,3,23,6],[24,3,24,6],[25,3,25,6],[12,3,12,6],[13,3,13,6],[14,3,14,6],[15,0,15,6],[16,4,16,6],[17,0,17,6],[18,0,18,6],[19,4,19,6],[20,4,20,6],[21,0,21,6],[22,0,22,6],[11,3,11,6],[0,0,6,6],[7,0,7,6],[8,0,8,6],[9,0,9,6],[10,0,10,6]]}
{"$rows_empty":7}
["MEMÓRIA DE CÁLCULOS PARA ADUTORA DE ÁGUA BRUTA POR PRESSÃO"]
["EXECUÇÃO DAS OBRAS E SERVIÇOS RELATIVOS À CONSTRUÇÃO DO SISTEMA SIMPLIFICADO DE ABASTECIMENTO D'ÁGUA DAS LOCALIDADES MURICY AMADOR, SÍTIO NOVO, SÍTIO RIACHO, SÍTIO PAI E FILHO E SÍTIO FAVELA, PERTENCENTES À ZONA RURAL DO MUNICÍPIO PERNAMBUCANO DE PETROLINA, EM ÁREA DE ATUAÇÃO DA CODEVASF/3ªSR."]
["LOCALIDADE MURICY AMADOR/PETROLINA"]
["DADOS BÁSICOS"]
["Tx perc. Consumo",null,{"$f":"'Rede de Distribuição'!D4","v":120},"litros/hab/dia"]
["População em final de projeto",null,{"$f":"'Rede de Distribuição'!M4","v":350},"habitantes"]
["Coeficiente de cons. Max diário (K1)",null,{"$f":"'Rede de Distribuição'!D7","v":1.2}]
["N° horas funcionamento",null,{"$f":"'Rede de Distribuição'!M10","v":12},"horas"]
[]
["Consumo diário p/ final do plano",null,"Cd=",{"$f":"C12*C13","v":42000},"litros/dia"]
[]
["CALCULO DE  VOLUME DO RESERVATÓRIO"]
["VD = Cd x K1",null,"VD=",{"$f":"D17*C14","v":50400},"litros "]
["VR = 1/3 x Qmd",null,"VR=",{"$f":"D20/3000","v":16.8},"m³",null,null,null,{"$f":"C12*C13*C14/12/60/60","v":1.167}]
[]
["VAZÃO MÁXIMA DIÁRIA ( 20 anos)",{"$nulls":7},{"$f":"I21*3.6","v":4.2009999999999996}]
["Qmd = pop x q x K1/ 3.600 x h ",null,{"$f":"D17*C14/(3600*C15)","v":1.167},"l/s"]
[null,null,{"$f":"C24/1000","v":1.1670000000000001E-3},"m³/s"]
[null,null,{"$f":"C25*3600","v":4.2009999999999996},"m³/h"]
[]
["DIMENSIONAMENTO DO SISTEMA DE RECALQUE"]
[]
["Diâmetro econômico ABNT"]
["d= 1,30 x (h/24)0,25 x Q0,5",null,"d=",{"$f":"1.3*(C15/24)^0.25*C25^0.5","v":3.73E-2},"m"]
[null,null,"d=",{"$f":"D31*1000","v":37.299999999999997},"mm"]
[{"$nulls":7},"DN","DE","e","DI"]
["Diâmetro comercial adotado",null,{"$f":"IF(D78<60,\"PVC Classe 12\",IF(D78>75,\"PVC Classe 20\",\"PVC Classe 15\"))","v":"PVC Classe 12"},null,null,null,"PVC 12 JEI DN 50",50,60,2.7,{"$f":"I34-2*J34","v":54.6}]
["Diâmetro nominal ",null,"DN=",{"$f":"IF(D36=60,50,IF(D36=85,75,IF(D36=110,100,0)))","v":50},"mm",null,"PVC 12 JEI DN 75",75,85,3.9,{"$f":"I35-2*J35","v":77.2}]
["Diâmetro da tubulação",null,"DE=",{"$f":"IF(D32<50,I34,IF(D32>75,I36,I35))","v":60},"mm",null,"PVC 12 JEI DN 100",100,110,5,100]
["Espessura da tubulação",null,"e=",2.7,"mm"]
["Área da secção",{"$nulls":5},"PVC 15 JEI DN 50",50,60,3.3,53.4]
["S= ╥ x di² / 4",null,"S=",{"$f":"PI()*((D36-2*D37)/1000)^2/4","v":2.3410000000000002E-3},"m²",null,"PVC 15 JEI DN 75",75,85,4.7,75.599999999999994]
[{"$nulls":6},"PVC 15 JEI DN 100",100,110,6.1,97.8]
["Velocidade"]
["V= Q / S",null,"V=",{"$f":"C25/D39","v":0.4985},"m/s",null,"PVC 20 JEI DN 50",50,60,4.3,51.4]
[{"$nulls":6},"PVC 20 JEI DN 75",75,85,6.1,72.8]
["Perda de carga unitária",{"$nulls":5},"PVC 20 JEI DN 100",100,110,7.8,94.4]
["J = 10,643 x Q1,852 x C-1,852 x D-4,87",null,"J=",{"$f":"10.643*C25^1.852*140^-1.852*(D35/1000)^-4.87","v":9.0500000000000008E-3},"m/m"]
["C = 140 - PVC",{"$nulls":5},"PVC DEFOFO JE 1 MPA DN 100",100,118,4.8,{"$f":"I46-2*J46","v":108.4}]
[{"$nulls":6},"PVC DEFOFO JE 1 MPA DN 150",150,170,6.8,156.4]
["Perda de carga total",{"$nulls":5},"PVC DEFOFO JE 1 MPA DN 200",200,222,8.9,204.2]
["Comprimento da adutora ",null,null,{"$f":"'Rede de Distribuição'!D11","v":7356.54},"m",null,"PVC DEFOFO JE 1 MPA DN 250",250,274,11,252]
["Hf = J x L",null,"Hf=",{"$f":"D45*D49","v":66.576700000000002},"m"]
[]
["Desnível do recalque"]
["Cota Piezométrica do NA captação",null,null,{"$f":"'Rede de Distribuição'!$H$46","v":394.74900000000002},"m"]
["Cota do NA máximo do reservatório ",null,null,{"$f":"'Rede de Distribuição'!N15+3","v":425.04500000000002},"m"]
["Desnível Geométrico",null,"Hg=",{"$f":"D54-D53","v":30.3},"m"]
[]
["Altura Manométrica"]
["Hm = Hg + Hf + 10,00 ",null,"Hm=",{"$f":"D55+D50+10","v":106.88},"m.c.a"]
["Hg = desnível geométrico"]
["Hf = perda de carga distribuída"]
["7,00 = perdas de carga localizadas"]
[]
[]
["POTÊNCIA DA BOMBA"]
["Pb = Q x Hmt / 75 x n",null,"Pb=",{"$f":"C24*D58/(75*0.5)","v":3.33},"CV"]
["n=50%"]
[]
["POTÊNCIA DO MOTOR"]
["Pmot = Pb x f",null,"Pmot=",{"$f":"D65*1.5","v":5},"CV"]
["f=50%"]
[]
["GOLPE DE ARÍETE"]
["Celeridade de onda de pressão",null,"a=",{"$f":"9900/(48.3+18*D36/D37)^0.5","v":467.57},"m/s"]
["a = 9900 / (48,3 + k x D/e)1/2"]
[]
["Sobrepressão (parada lenta)",null,"p=",{"$f":"D73*D42/9.81","v":23.76},"m"]
["p = a x V / g"]
["Pressão máxima de golpe",null,"P máx golpe =",null,{"$f":"D76+D55","v":54.06},"m.c.a"]
[]
["P máx golpe = Hg + p"]
[]
["Pressão mínima de golpe",null,"P mín golpe =",{"$f":"D55-D76","v":6.54},"m.c.a"]
["P mín golpe = Hg - p"]
[]
[null,null,"COTA PIEZOMÉTRICA DA PRESSÃO MÁXIMA = ",{"$f":"E78+D53","v":448.81},"m"]
[null,null,"COTA PIEZOMÉTRICA DA PRESSÃO MÍNIMA = ",{"$f":"D82+D53","v":401.29},"m"]

{"sheet":"Rede de Distribuição","index":5,"n_rows":89,"n_cols":17,"rows_kept":89,"cut":false,"hidden":true,"merged":[[84,3,84,5],[49,1,49,8],[84,6,84,8],[45,2,45,6],[11,2,11,5],[12,2,12,5],[2,0,2,16],[85,1,85,8],[88,3,88,5],[88,6,88,8],[9,7,9,11],[8,0,8,2],[9,0,9,2],[45,10,45,16],[45,7,45,8],[11,13,11,14],[3,0,3,2],[7,7,7,11],[6,7,6,11],[7,4,7,5],[10,0,10,2],[11,10,11,12],[0,0,1,2],[0,3,1,16],[9,4,9,5],[10,4,10,5],[3,4,3,5],[4,4,4,5],[4,0,4,2],[5,0,5,2],[8,7,8,11],[5,4,5,5],[6,4,6,5],[3,7,3,11],[3,14,4,16],[4,7,4,11],[5,7,5,11],[8,4,8,5]]}
[null,null,null,"Ministério da Integração Nacional – MI\nCompanhia de Desenvolvimento dos Vales do São Francisco e do Parnaíba\n3ª Superintendência Regional"]
[]
["                                                   DIMENSIONAMENTO DA REDE DE DISTRIBUIÇÃO - LOCALIDADE MURICY AMADOR/PETROLINA"]
["Tx perc. Consumo",null,null,120,"litros/hab/dia",null,null,"População futura=",{"$nulls":4},{"$f":"ROUNDUP((D5*D6*(1+D9/100)^D10),0)","v":350},"hab"]
["N° de domicílios",null,null,47,null,null,null,"Vazão máxima de projeto=",{"$nulls":4},{"$f":"(M4*D4*D7*D8)/86400","v":0.875},"l/s"]
["N° habt/domicílio",null,null,5,null,null,null,"Extensão da distribuição em marcha=",{"$nulls":4},{"$f":"B46","v":11362.19},"m","Rug.",0.08,"mm"]
["Coeficiente de cons. Max diário (K1)",null,null,1.2,null,null,null,"Vazão por metro linear de rede=",{"$nulls":4},{"$f":"M5/M6","v":7.7000000000000001E-5},"l/(m.s)","Vazão=",{"$f":"M5*3.6","v":3.15},"m³/h"]
["Coeficiente de cons. Max horár (K2)",null,null,1.5,null,null,null,"Vazão por domicílio=",{"$nulls":4},{"$f":"(D4*D6)/(86400)","v":7.0000000000000001E-3},"l/s","Vazão=",{"$f":"P7/3600","v":8.8000000000000003E-4},"m³/s"]
["Tx cresciment anual",null,null,2,"% a.a",null,null,"Altura do NA mínimo do Reservatório=",{"$nulls":4},6.5,"m"]
["Período alcance proj.",null,null,20,"anos",null,null,"Horas de funcionamento por dia=",{"$nulls":4},12,"h"]
["Comprimento Adutora",null,null,{"$f":"7337.54+19","v":7356.54},"m"]
["Trecho","Extensão","Q",null,null,null,"D (calc)","DN","DE","V","Perda de carga",null,null,"Cotas",null,"Pressão à","Pressão à"]
[null,"(m)","(l/s)",null,null,null,"(m)","(mm)","(mm)","(m/s)","unit. J","Localiz.","total","Montante","Jusante","Montante","Jusante"]
[null,null,"Montante","Marcha","Jusante","Fictícia",{"$nulls":4},"(m/m)","(m)","(m)","(m)","(m)","(mH2O)","(mH2O)"]
["RE-01",15.67,{"$f":"D15+E15","v":0.875},{"$f":"$M$7*B15","v":1E-3},{"$f":"SUM(B16:B45)*M7","v":0.874},{"$f":"(E15+C15)/2","v":0.87450000000000006},null,{"$f":"IF(F15>14.57,\"200\",IF(F15>5.8875,\"150\", IF(F15>3.1514,\"100\",IF(F15>1.323,\"75\",\"50\"))))","v":"50"},null,{"$f":"(C15/1000)/(0.25*PI()*(H15/1000)^2)","v":0.44600000000000001},{"$f":"perda(F15,H15,$P$6)","v":{"$error":"#NAME?"}},null,{"$f":"K15*B15+L15","v":{"$error":"#NAME?"}},422.04500000000002,422.04500000000002,{"$f":"M9","v":6.5},{"$f":"P15+N15-O15-M15","v":{"$error":"#NAME?"}}]
["01-02",402.79,6.8000000000000005E-2,{"$f":"$M$7*B16","v":3.1E-2},{"$f":"SUM(B17)*M7","v":3.6999999999999998E-2},{"$f":"(E16+C16)/2","v":5.2499999999999998E-2},null,{"$f":"IF(F16>14.57,\"200\",IF(F16>5.8875,\"150\", IF(F16>3.1514,\"100\",IF(F16>1.323,\"75\",\"50\"))))","v":"50"},null,{"$f":"(C16/1000)/(0.25*PI()*(H16/1000)^2)","v":3.5000000000000003E-2},{"$f":"perda(F16,H16,$P$6)","v":{"$error":"#NAME?"}},null,{"$f":"K16*B16+L16","v":{"$error":"#NAME?"}},{"$f":"O15","v":422.04500000000002},415.346,{"$f":"Q15","v":{"$error":"#NAME?"}},{"$error":"#NAME?"}]
["02-03",474.37,3.6999999999999998E-2,3.6999999999999998E-2,0,{"$f":"(E17+C17)/2","v":1.8499999999999999E-2},null,{"$f":"IF(F17>14.57,\"200\",IF(F17>5.8875,\"150\", IF(F17>3.1514,\"100\",IF(F17>1.323,\"75\",\"50\"))))","v":"50"},null,{"$f":"(C17/1000)/(0.25*PI()*(H17/1000)^2)","v":1.9E-2},{"$f":"perda(F17,H17,$P$6)","v":{"$error":"#NAME?"}},null,{"$f":"K17*B17+L17","v":{"$error":"#NAME?"}},{"$f":"O16","v":415.346},416.04700000000003,{"$f":"Q16","v":{"$error":"#NAME?"}},{"$error":"#NAME?"}]
["01-04",32.28,0.80600000000000005,2E-3,{"$f":"SUM(B19:B45)*M7","v":0.80400000000000005},{"$f":"(E18+C18)/2","v":0.80500000000000005},null,{"$f":"IF(F18>14.57,\"200\",IF(F18>5.8875,\"150\", IF(F18>3.1514,\"100\",IF(F18>1.323,\"75\",\"50\"))))","v":"50"},null,{"$f":"(C18/1000)/(0.25*PI()*(H18/1000)^2)","v":0.41},{"$f":"perda(F18,H18,$P$6)","v":{"$error":"#NAME?"}},null,{"$f":"K18*B18+L18","v":{"$error":"#NAME?"}},{"$f":"O15","v":422.04500000000002},422.56700000000001,{"$f":"Q15","v":{"$error":"#NAME?"}},{"$error":"#NAME?"}]
["04-05",1843.75,0.80400000000000005,0.14199999999999999,{"$f":"SUM(B20:B45)*M7","v":0.66200000000000003},{"$f":"(E19+C19)/2","v":0.73299999999999998},null,{"$f":"IF(F19>14.57,\"200\",IF(F19>5.8875,\"150\", IF(F19>3.1514,\"100\",IF(F19>1.323,\"75\",\"50\"))))","v":"50"},null,{"$f":"(C19/1000)/(0.25*PI()*(H19/1000)^2)","v":0.40899999999999997},{"$f":"perda(F19,H19,$P$6)","v":{"$error":"#NAME?"}},null,{"$f":"K19*B19+L19","v":{"$error":"#NAME?"}},{"$f":"O18","v":422.56700000000001},416.161,{"$f":"Q18","v":{"$error":"#NAME?"}},{"$error":"#NAME?"}]
["05-06",40.450000000000003,1.2E-2,3.0000000000000001E-3,{"$f":"SUM(B21:B22)*M7","v":8.9999999999999993E-3},{"$f":"(E20+C20)/2","v":1.0500000000000001E-2},null,{"$f":"IF(F20>14.57,\"200\",IF(F20>5.8875,\"150\", IF(F20>3.1514,\"100\",IF(F20>1.323,\"75\",\"50\"))))","v":"50"},null,{"$f":"(C20/1000)/(0.25*PI()*(H20/1000)^2)","v":6.0000000000000001E-3},{"$f":"perda(F20,H20,$P$6)","v":{"$error":"#NAME?"}},null,{"$f":"K20*B20+L20","v":{"$error":"#NAME?"}},{"$f":"O19","v":416.161},415.2,{"$f":"Q19","v":{"$error":"#NAME?"}},{"$error":"#NAME?"}]
["06-07",39.56,3.0000000000000001E-3,3.0000000000000001E-3,0,{"$f":"(E21+C21)/2","v":1.5E-3},null,"50",null,{"$f":"(C21/1000)/(0.25*PI()*(H21/1000)^2)","v":2E-3},{"$f":"perda(F21,H21,$P$6)","v":{"$error":"#NAME?"}},null,{"$f":"K21*B21+L21","v":{"$error":"#NAME?"}},{"$f":"O20","v":415.2},415.13,{"$f":"Q20","v":{"$error":"#NAME?"}},{"$error":"#NAME?"}]
["06-08",76.2,6.0000000000000001E-3,6.0000000000000001E-3,0,3.0000000000000001E-3,null,"50",null,3.0000000000000001E-3,{"$error":"#NAME?"},null,{"$error":"#NAME?"},{"$f":"O20","v":415.2},416.6,{"$f":"Q20","v":{"$error":"#NAME?"}},{"$error":"#NAME?"}]
["05-09",297.44,4.2999999999999997E-2,2.3E-2,{"$f":"SUM(B24:B25)*M7","v":0.02},3.15E-2,null,"50",null,2.1999999999999999E-2,{"$error":"#NAME?"},null,{"$error":"#NAME?"},{"$f":"O19","v":416.161},413.8,{"$f":"Q19","v":{"$error":"#NAME?"}},{"$error":"#NAME?"}]
["09-10",98.13,8.0000000000000002E-3,8.0000000000000002E-3,0,4.0000000000000001E-3,null,"50",null,4.0000000000000001E-3,{"$error":"#NAME?"},null,{"$error":"#NAME?"},{"$f":"O23","v":413.8},413,{"$f":"Q23","v":{"$error":"#NAME?"}},{"$error":"#NAME?"}]
["09-11",158.24,1.2E-2,1.2E-2,0,6.0000000000000001E-3,null,"50",null,6.0000000000000001E-3,{"$error":"#NAME?"},null,{"$error":"#NAME?"},{"$f":"O23","v":413.8},411.48,{"$f":"Q23","v":{"$error":"#NAME?"}},{"$error":"#NAME?"}]
["05-12",158.47,0.60699999999999998,1.2E-2,{"$f":"SUM(B27:B45)*M7","v":0.59499999999999997},0.60099999999999998,null,"50",null,0.309,{"$error":"#NAME?"},null,{"$error":"#NAME?"},{"$f":"O19","v":416.161},415.13,{"$f":"Q19","v":{"$error":"#NAME?"}},{"$error":"#NAME?"}]
["12-13",40.409999999999997,3.0000000000000001E-3,3.0000000000000001E-3,0,{"$f":"(E27+C27)/2","v":1.5E-3},null,{"$f":"IF(F27>14.57,\"200\",IF(F27>5.8875,\"150\", IF(F27>3.1514,\"100\",IF(F27>1.323,\"75\",\"50\"))))","v":"50"},null,{"$f":"(C27/1000)/(0.25*PI()*(H27/1000)^2)","v":2E-3},{"$f":"perda(F27,H27,$P$6)","v":{"$error":"#NAME?"}},null,{"$f":"K27*B27+L27","v":{"$error":"#NAME?"}},{"$f":"O26","v":415.13},415.983,{"$f":"Q26","v":{"$error":"#NAME?"}},{"$error":"#NAME?"}]
["12-14",392.13,0.59199999999999997,0.03,{"$f":"SUM(B29:B45)*M7","v":0.56200000000000006},0.57699999999999996,null,"50",null,0.30199999999999999,{"$error":"#NAME?"},null,{"$error":"#NAME?"},{"$f":"O26","v":415.13},410.56099999999998,{"$f":"Q26","v":{"$error":"#NAME?"}},{"$error":"#NAME?"}]
["14-15",31.78,1.0999999999999999E-2,2E-3,{"$f":"SUM(B30:B31)*M7","v":8.9999999999999993E-3},0.01,null,"50",null,6.0000000000000001E-3,{"$error":"#NAME?"},null,{"$error":"#NAME?"},{"$f":"O28","v":410.56099999999998},412.64400000000001,{"$f":"Q28","v":{"$error":"#NAME?"}},{"$error":"#NAME?"}]
["15-16",83.81,6.0000000000000001E-3,6.0000000000000001E-3,0,3.0000000000000001E-3,null,"50",null,3.0000000000000001E-3,{"$error":"#NAME?"},null,{"$error":"#NAME?"},{"$f":"O29","v":412.64400000000001},414.12299999999999,{"$f":"Q29","v":{"$error":"#NAME?"}},{"$error":"#NAME?"}]
["15-17",37.770000000000003,3.0000000000000001E-3,3.0000000000000001E-3,0,{"$f":"(E31+C31)/2","v":1.5E-3},null,{"$f":"IF(F31>14.57,\"200\",IF(F31>5.8875,\"150\", IF(F31>3.1514,\"100\",IF(F31>1.323,\"75\",\"50\"))))","v":"50"},null,{"$f":"(C31/1000)/(0.25*PI()*(H31/1000)^2)","v":2E-3},{"$f":"perda(F31,H31,$P$6)","v":{"$error":"#NAME?"}},null,{"$f":"K31*B31+L31","v":{"$error":"#NAME?"}},{"$f":"O29","v":412.64400000000001},412.5,{"$f":"Q29","v":{"$error":"#NAME?"}},{"$error":"#NAME?"}]
["14-18",375.01,0.55000000000000004,2.9000000000000001E-2,{"$f":"SUM(B33:B45)*M7","v":0.52100000000000002},0.53549999999999998,null,"50",null,0.28000000000000003,{"$error":"#NAME?"},null,{"$error":"#NAME?"},{"$f":"O28","v":410.56099999999998},407.32,{"$f":"Q28","v":{"$error":"#NAME?"}},{"$error":"#NAME?"}]
["18-19",321.8,0.20300000000000001,2.5000000000000001E-2,{"$f":"SUM(B34:B38)*M7","v":0.17799999999999999},0.1905,null,"50",null,0.10299999999999999,{"$error":"#NAME?"},null,{"$error":"#NAME?"},{"$f":"O32","v":407.32},401.47,{"$f":"Q32","v":{"$error":"#NAME?"}},{"$error":"#NAME?"}]
["19-20",238.73,1.7999999999999999E-2,1.7999999999999999E-2,0,8.9999999999999993E-3,null,"50",null,8.9999999999999993E-3,{"$error":"#NAME?"},null,{"$error":"#NAME?"},{"$f":"O33","v":401.47},415.84,{"$f":"Q33","v":{"$error":"#NAME?"}},{"$error":"#NAME?"}]
["19-21",830.49,0.16,6.4000000000000001E-2,{"$f":"SUM(B36:B38)*M7","v":9.6000000000000002E-2},0.128,null,"50",null,8.1000000000000003E-2,{"$error":"#NAME?"},null,{"$error":"#NAME?"},{"$f":"O33","v":401.47},400.53,{"$f":"Q33","v":{"$error":"#NAME?"}},{"$error":"#NAME?"}]
["21-22",888.91,9.5000000000000001E-2,6.8000000000000005E-2,{"$f":"SUM(B37:B38)*M7","v":2.7E-2},6.0999999999999999E-2,null,"50",null,4.8000000000000001E-2,{"$error":"#NAME?"},null,{"$error":"#NAME?"},{"$f":"O35","v":400.53},405.88,{"$f":"Q35","v":{"$error":"#NAME?"}},{"$error":"#NAME?"}]
["22-23",118.16,2.7E-2,8.9999999999999993E-3,{"$f":"SUM(B38)*M7","v":1.7999999999999999E-2},2.2499999999999999E-2,null,"50",null,1.4E-2,{"$error":"#NAME?"},null,{"$error":"#NAME?"},{"$f":"O36","v":405.88},407.75400000000002,{"$f":"Q36","v":{"$error":"#NAME?"}},{"$error":"#NAME?"}]
["23-24",234.96,1.7999999999999999E-2,1.7999999999999999E-2,0,8.9999999999999993E-3,null,"50",null,8.9999999999999993E-3,{"$error":"#NAME?"},null,{"$error":"#NAME?"},{"$f":"O37","v":407.75400000000002},411.53199999999998,{"$f":"Q37","v":{"$error":"#NAME?"}},{"$error":"#NAME?"}]
["18-25",47.55,0.318,4.0000000000000001E-3,{"$f":"SUM(B40:B45)*M7","v":0.314},0.316,null,"50",null,{"$f":"(C39/1000)/(0.25*PI()*(H39/1000)^2)","v":0.16200000000000001},{"$f":"perda(F39,H39,$P$6)","v":{"$error":"#NAME?"}},null,{"$f":"K39*B39+L39","v":{"$error":"#NAME?"}},{"$f":"O32","v":407.32},408.21800000000002,{"$f":"Q32","v":{"$error":"#NAME?"}},{"$error":"#NAME?"}]
["25-26",47.91,4.0000000000000001E-3,4.0000000000000001E-3,0,2E-3,null,"50",null,2E-3,{"$error":"#NAME?"},null,{"$error":"#NAME?"},{"$f":"O39","v":408.21800000000002},406.8,{"$f":"Q39","v":{"$error":"#NAME?"}},{"$error":"#NAME?"}]
["25-27",645.54,0.311,0.05,{"$f":"SUM(B42:B45)*M7","v":0.26100000000000001},0.28599999999999998,null,"50",null,0.158,{"$error":"#NAME?"},null,{"$error":"#NAME?"},{"$f":"O39","v":408.21800000000002},398.072,{"$f":"Q39","v":{"$error":"#NAME?"}},{"$error":"#NAME?"}]
["27-28",1312.75,0.26100000000000001,0.10100000000000001,{"$f":"SUM(B43:B45)*M7","v":0.16},0.21049999999999999,null,"50",null,0.13300000000000001,{"$error":"#NAME?"},null,{"$error":"#NAME?"},{"$f":"O41","v":398.072},406.01799999999997,{"$f":"Q41","v":{"$error":"#NAME?"}},{"$error":"#NAME?"}]
["28-29",59.05,5.0000000000000001E-3,5.0000000000000001E-3,0,2.5000000000000001E-3,null,"50",null,3.0000000000000001E-3,{"$error":"#NAME?"},null,{"$error":"#NAME?"},{"$f":"O42","v":406.01799999999997},406.39,{"$f":"Q42","v":{"$error":"#NAME?"}},{"$error":"#NAME?"}]
["28-30",1897.21,0.155,0.14599999999999999,{"$f":"SUM(B45)*M7","v":8.9999999999999993E-3},8.2000000000000003E-2,null,"50",null,7.9000000000000001E-2,{"$error":"#NAME?"},null,{"$error":"#NAME?"},{"$f":"O42","v":406.01799999999997},386.9,{"$f":"Q42","v":{"$error":"#NAME?"}},{"$error":"#NAME?"}]
["30-31",120.87,8.9999999999999993E-3,8.9999999999999993E-3,0,4.4999999999999997E-3,null,"50",null,5.0000000000000001E-3,{"$error":"#NAME?"},null,{"$error":"#NAME?"},{"$f":"O44","v":386.9},388,{"$f":"Q44","v":{"$error":"#NAME?"}},{"$error":"#NAME?"}]
["Ext. Total (m)=",{"$f":"SUM(B15:B45)","v":11362.19},"Cota Captação",{"$nulls":4},394.74900000000002]
[]
[]
[]
[null,"Quantitativo da tubulação da Rede de Distribuição (m)"]
[null,null,25,32,42,50,75,100,150]
[null,"Trechos","25 mm","32 mm","42 mm","50 mm","75 mm","100 mm","150 mm"]
[null,{"$f":"A15","v":"RE-01"},{"$f":"IF(H15=25,B15,0)","v":0},{"$f":"IF(H15=32,B15,0)","v":0},{"$f":"IF(H15=42,B15,0)","v":0},{"$f":"SUMIF(H15,50,B15)","v":15.67},{"$f":"SUMIF(H15,75,B15)","v":0},{"$f":"SUMIF(H15,100,B15)","v":0},{"$f":"SUMIF(H15,150,B15)","v":0}]
[null,"01-02",0,0,0,402.79,0,0,0]
[null,"02-03",0,0,0,474.37,0,0,0]
[null,"01-04",0,0,0,32.28,0,0,0]
[null,"04-05",0,0,0,1843.75,0,0,0]
[null,"05-06",0,0,0,40.450000000000003,0,0,0]
[null,"06-07",0,0,0,39.56,0,0,0]
[null,"06-08",0,0,0,76.2,0,0,0]
[null,"05-09",0,0,0,297.44,0,0,0]
[null,"09-10",0,0,0,98.13,0,0,0]
[null,"09-11",0,0,0,158.24,0,0,0]
[null,"05-12",0,0,0,158.47,0,0,0]
[null,"12-13",0,0,0,40.409999999999997,0,0,0]
[null,"12-14",0,0,0,392.13,0,0,0]
[null,"14-15",0,0,0,31.78,0,0,0]
[null,"15-16",0,0,0,83.81,0,0,0]
[null,"15-17",0,0,0,37.770000000000003,0,0,0]
[null,"14-18",0,0,0,375.01,0,0,0]
[null,"18-19",0,0,0,321.8,0,0,0]
[null,"19-20",0,0,0,238.73,0,0,0]
[null,"19-21",0,0,0,830.49,0,0,0]
[null,"21-22",0,0,0,888.91,0,0,0]
[null,"22-23",0,0,0,118.16,0,0,0]
[null,"23-24",0,0,0,234.96,0,0,0]
[null,{"$f":"A39","v":"18-25"},0,0,0,47.55,0,0,0]
[null,"25-26",0,0,0,47.91,0,0,0]
[null,"25-27",0,0,0,645.54,0,0,0]
[null,"27-28",0,0,0,1312.75,0,0,0]
[null,"28-29",0,0,0,59.05,0,0,0]
[null,"28-30",0,0,0,1897.21,0,0,0]
[null,"30-31",0,0,0,120.87,0,0,0]
[null,"Somatório",{"$f":"SUM(C53:C76)","v":0},0,0,{"$f":"SUM(F53:F83)","v":11362.19},0,0,0]
[null,"Totais",null,"Extensão total ",null,null,{"$f":"SUM(C84:I84)","v":11362.19}]
[null,"Quantitativo da tubulação da Adutora de Recalque (m)"]
[null,null,25,32,42,50,75,100,150]
[null,null,0,0,0,{"$f":"D11","v":7356.54},0,0,0]
[null,"Totais",null,"Extensão total ",null,null,{"$f":"SUM(C88:I88)","v":7356.54}]

{"sheet":"ENCARGOS SOCIAIS","index":6,"n_rows":45,"n_cols":7,"rows_kept":45,"cut":false,"hidden":false,"merged":[[36,1,36,4],[3,0,4,6],[5,0,5,6],[6,0,6,6],[8,0,9,0],[8,1,9,4],[10,0,10,6],[20,1,20,4],[21,0,21,6],[33,0,33,6],[34,1,34,4],[35,1,35,4],[44,0,44,4],[37,1,37,4],[38,1,38,4],[39,1,39,4],[40,0,40,6],[41,1,41,4],[42,1,42,4]]}
[]
[]
[]
["DETALHAMENTO DOS ENCARGOS SOCIAIS"]
[]
["PERÍMETRO(S): NILO COELHO"]
[{"$f":"#REF!","v":{"$error":"#REF!"}}]
[]
["CÓDIGO","DESCRIÇÃO",null,null,null,"Horista","Mensalista"]
[{"$nulls":5},"%","%"]
["GRUPO A"]
["A1","INSS",null,null,null,0,0]
["A2","SESI",null,null,null,1.4999999999999999E-2,1.4999999999999999E-2]
["A3","SENAI",null,null,null,0.01,0.01]
["A4","INCRA",null,null,null,2E-3,2E-3]
["A5","SEBRAE",null,null,null,6.0000000000000001E-3,6.0000000000000001E-3]
["A6","Salário Educação ",null,null,null,2.5000000000000001E-2,2.5000000000000001E-2]
["A8","Seguro contra acidente",null,null,null,0.03,0.03]
["A8","FGTS",null,null,null,0.08,0.08]
["A9","SECONCI",null,null,null,0,0]
["A","Total dos Encargos Sociais Básicos",null,null,null,{"$f":"ROUND(SUM(F12:F20),4)","v":0.16800000000000001},{"$f":"ROUND(SUM(G12:G20),4)","v":0.16800000000000001}]
["GRUPO B"]
["B1","Repouso Semanal Remunerado",null,null,null,0.18090000000000001,0]
["B2","Feriados",null,null,null,4.3400000000000001E-2,0]
["B3","Axílio - Enfermidade",null,null,null,9.1999999999999998E-3,6.8999999999999999E-3]
["B4","13º Salário",null,null,null,0.1103,8.3299999999999999E-2]
["B5","Licença Paternidade",null,null,null,8.0000000000000004E-4,5.9999999999999995E-4]
["B6","Faltas Justificadas",null,null,null,7.4000000000000003E-3,5.5999999999999999E-3]
["B7","Dias de Chuvas",null,null,null,2.3099999999999999E-2,0]
["B8","Auxílio Acidente de Trabalho",null,null,null,1.1999999999999999E-3,8.9999999999999998E-4]
["B9","Férias Gozadas",null,null,null,0.1021,7.7100000000000002E-2]
["B10","Salário Maternidade",null,null,null,2.9999999999999997E-4,2.0000000000000001E-4]
["B","Total de Encargos Sociais que recebem incidências de A",null,null,null,{"$f":"ROUND(SUM(F23:F32),4)","v":0.47870000000000001},{"$f":"ROUND(SUM(G23:G32),4)","v":0.17460000000000001}]
["GRUPO C"]
["C1","Aviso Prévio Indenizado",null,null,null,6.7100000000000007E-2,5.0700000000000002E-2]
["C2","Aviso Prévio Trabalhado",null,null,null,1.6000000000000001E-3,1.1999999999999999E-3]
["C3","Férias Indenizadas",null,null,null,3.7699999999999997E-2,2.8500000000000001E-2]
["C4","Depósito Rescisão Sem Justa Causa",null,null,null,5.28E-2,3.9899999999999998E-2]
["C5","Indenização Adicional",null,null,null,5.5999999999999999E-3,4.3E-3]
["C","Total de Encargos Sociais que não recebem incidências de A",null,null,null,{"$f":"SUM(F35:F39)","v":0.1648},{"$f":"SUM(G35:G39)","v":0.1246}]
["GRUPO D"]
["D1","Reincidencias de Grupo A sobre Grupo B",null,null,null,8.0399999999999999E-2,2.93E-2]
["D2","Reincidência de Grupo A sobre Aviso Prévio Trabalhado e Reincidência do FGTS sobre Aviso Prévio Reincidência do FGTS sobre aviso prévio",null,null,null,5.5999999999999999E-3,4.3E-3]
["D","Total de Reincidências de um grupo sobre o outro",null,null,null,{"$f":"ROUND(SUM(F42:F43),4)","v":8.5999999999999993E-2},{"$f":"ROUND(SUM(G42:G43),4)","v":3.3599999999999998E-2}]
["TOTAL (A+B+C+D)",{"$nulls":4},{"$f":"F44+F40+F33+F21","v":0.89749999999999996},{"$f":"G44+G40+G33+G21","v":0.50080000000000002}]

{"sheet":"RESUMO COTAÇÃO GERAL","index":7,"n_rows":25,"n_cols":6,"rows_kept":25,"cut":false,"hidden":false,"merged":[[7,2,7,5],[0,1,4,5],[5,1,5,5],[6,1,6,5],[22,2,22,5],[10,2,10,5],[16,2,16,5],[19,2,19,5],[13,2,13,5]]}
[]
[]
[]
[]
[]
[]
[null,"RESUMO DAS COTAÇÕES"]
[null,1,"FORNECIMENTO DE FLUTUANTES"]
[null,"FLOWSERVE","HIGRA","MEGABOMBAS","OPEMACS","ADOTADO A MEDIANA"]
[null,{"$f":"'RESUMO COTAÇÃO FLUTUANTE'!H25","v":1124423.05},{"$f":"'RESUMO COTAÇÃO FLUTUANTE'!J25","v":840282.99},{"$f":"'RESUMO COTAÇÃO FLUTUANTE'!L25","v":1159887.32},{"$f":"'RESUMO COTAÇÃO FLUTUANTE'!N25","v":1422010},{"$f":"MEDIAN(B10:E10)","v":1142155.19}]
[null,{"$f":"B8+1","v":2},"ALUGUEL DE GRUPO GERADOR"]
[null,"Aggreko","JPW","A GERADORA",null,"ADOTADO A MEDIANA"]
[null,19800,20200,15020,null,{"$f":"MEDIAN(B13:E13)","v":19800}]
[null,{"$f":"B11+1","v":3},"ALUGUEL TANQUE DE COMBUSTÍVEL"]
[null,"Aggreko","JPW","A GERADORA",null,"ADOTADO A MEDIANA"]
[null,3500,3800,1700,null,{"$f":"MEDIAN(B16:E16)","v":3500}]
[null,{"$f":"B14+1","v":4},"CCM PARA MOTOR DE 250 CV"]
[null,"FCL ENGENHARIA LDTA","JPW","JAV",null,"ADOTADO A MEDIANA"]
[null,188000,245300,{"$f":"251127.46*1.15","v":288796.58},null,{"$f":"MEDIAN(B19:E19)","v":245300}]
[null,{"$f":"B17+1","v":5},"FLUTUADORES PARA APOIO E SUSTENTAÇÃO DOS CABOS ELÉTRICOS"]
[null,"FLOWSERVE","HIGRA","MEGABOMBAS","OPEMACS","ADOTADO A MEDIANA"]
[null,6481.48,4557.29,2954,2560,{"$f":"MEDIAN(B22:E22)","v":3755.65}]
[null,6,"PAINEL DE ACIONAMENTO À DISTÂNCIA - CAPTAÇÃO"]
[null,"Autobyte","JPW","MATTOS AUTOMAÇÃO E ELÉTRICA EIRELI",null,"ADOTADO A MEDIANA"]
[null,108900,119100,116356,null,{"$f":"MEDIAN(B25:E25)","v":116356}]

{"sheet":"RESUMO COTAÇÃO FLUTUANTE","index":8,"n_rows":25,"n_cols":14,"rows_kept":25,"cut":false,"hidden":false,"merged":[[7,1,7,13],[6,1,6,13],[5,1,5,13],[0,1,4,13],[24,2,24,4],[8,5,8,7],[8,8,8,9],[8,10,8,11],[8,12,8,13],[8,3,9,3],[8,4,9,4],[8,2,9,2]]}
[]
[]
[]
[]
[]
[null,{"$f":"Geral!A6","v":"Fornecimento de Sistema de Captação Flutuante, Sistema de Acionamento de Motores de Indução Trifásicos e Grupo Gerador necessário para o Perímetro Irrigado Senador Nilo Coelho"}]
[null,"RESUMO DAS COTAÇÕES"]
[null,"FORNECIMENTO DE FLUTUANTES POR MÓDULO"]
[null,"ITEM","DESCRIÇÃO","UNID.","QUANT. POR MÓDULO","FLOWSERVE",null,null,"HIGRA",null,"MEGABOMBAS",null,"OPEMACS"]
[{"$nulls":5},"Unitário sem BDI","Unitário com BDI","Total","Unitário com BDI","Total","Unitário com BDI","Total","Unitário com BDI","Total"]
[null,1,"• Plataforma metálica flutuante em aço ASTM A-36 (com câmaras flutuantes ou balsas) com 02 Conjuntos Motobombas - CMB do tipo vertical ou axial ou mista ou submersa.\n• Vazão do ponto de operação por CMB: 3000 m³/h.            \n• Altura manometrica: 15 m.c.a.                                                                                                                          \n• Sistema de Vedação: Selo Mecânico.                                                                               \n• Motores elétricos por CMB de 250 CV, 6 a 8 polos, 380/440 V, 60 HZ e rotação máxima permitida de  1200 rpm. Proteção IPW55.                                          \n• Incluso: sistema de ancoragem da plataforma flutuante (cabos de aço ou corda naval e âncoras e/ou blocos).                                                                                                                          \n                                                                                                                     ","Cj",1,602839.51,{"$f":"F11+F11*'BDI''s'!$C$86","v":699293.83},{"$f":"G11*E11","v":699293.83},487198.19,{"$f":" $E11 * I11","v":487198.19},670194,{"$f":" $E11 * K11","v":670194},900000,{"$f":" $E11 * M11","v":900000}]
[null,2,"Válvula de retenção do tipo fechamento rápido tipo Waffer, corpo em Ferro Nodular ASTM A536, obturador em Poliuretano. DN Ø 700 mm, classe de pressão de 150 PSI.","Unid.",2,66203.7,{"$f":"F12+F12*'BDI''s'!$C$86","v":76796.289999999994},{"$f":"G12*E12","v":153592.57999999999},34982.639999999999,{"$f":" $E12 * I12","v":69965.279999999999},18286,{"$f":" $E12 * K12","v":36572},65500,{"$f":" $E12 * M12","v":131000}]
[null,3,"Válvula ventosa tripla função, DN Ø 6\", classe de pressão de 150 PSI.","Unid.",2,1720.68,{"$f":"F13+F13*'BDI''s'!$C$86","v":1995.99},3991.98,7714.85,15429.7,7668,15336,650,1300]
[null,4,"Manômetro com glicerina ou silicone, NPT 0-5 Kgf/cm², DN Ø 1/2\", classe de pressão de 150 PSI.","Unid.",1,462.96,{"$f":"F14+F14*'BDI''s'!$C$86","v":537.03},537.03,125,125,384.5,384.5,180,180]
[null,5,"Válvula borboleta acionada por meio de caixa redutora c/ volante, tipo Waffer DN Ø 700 mm, classe de pressão de 150 PSI.","Unid.",2,20435.189999999999,{"$f":"F15+F15*'BDI''s'!$C$86","v":23704.82},47409.64,37381.18,74762.36,21452,42904,53400,106800]
[null,6,"Válvula gaveta, DN Ø 1/2\", classe de pressão de 150 PSI.","Unid.",1,282.41000000000003,{"$f":"F16+F16*'BDI''s'!$C$86","v":327.60000000000002},327.60000000000002,269.7,269.7,28.82,28.82,450,450]
[null,7,"Válvula esfera, DN Ø 6\", classe de pressão de 150 PSI.","Unid.",2,4398.1499999999996,{"$f":"F17+F17*'BDI''s'!$C$86","v":5101.8500000000004},10203.700000000001,7946,15892,3998,7996,5340,10680]
[null,8,"Válvula gaveta, DN Ø 2\", classe de pressão de 150 PSI.","Unid.",1,993.83,{"$f":"F18+F18*'BDI''s'!$C$86","v":1152.8399999999999},1152.8399999999999,239.7,239.7,1410,1410,1640,1640]
[null,9,"Ampliação em aço ASTM A 36, DN Ø 700 mm x DN Ø 900 mm, classe de pressão de 150 PSI.","Unid.",2,14691.36,{"$f":"F19+F19*'BDI''s'!$C$86","v":17041.98},34083.96,4443.3599999999997,8886.7199999999993,1058,2116,35600,71200]
[null,10,"Manifold de aço ASTM A 36, com saídas laterais para montagem de duas válvulas ventosa DN Ø 6\"  e um manômetro DN Ø 1/2\", todos com luva e flange padrão ANSI B 16.5 DN Ø 900 mm, classe de pressão de 150 PSI.","Unid.",1,43827.16,{"$f":"F20+F20*'BDI''s'!$C$86","v":50839.51},50839.51,11559.32,11559.32,8684,8684,6560,6560]
[null,11,"Tubo conector de aço ASTM A 36, com flange padrão ANSI B 16.5 de Ø 900 mm,  com dreno lateral (incluso luva e flange padrão, ANSI B 16.5 de Ø 2\"), classe de pressão de 150 PSI.","Unid.",1,33950.620000000003,{"$f":"F21+F21*'BDI''s'!$C$86","v":39382.720000000001},39382.720000000001,8982.41,8982.41,4962,4962,3560,3560]
[null,12,"Junta Dresser, DN 40\" com flange padrão, ANSI B 16.5, classe de pressão - 150 PSI.","Unid.",1,8726.85,{"$f":"F22+F22*'BDI''s'!$C$86","v":10123.15},10123.15,23437.5,23437.5,29990,29990,19600,19600]
[null,13,"Toco de aço ASTM A 36 com flange padrão, ANSI B 16.5 ( tubulação, curva de 72º, sino invertido e grelha (grade de proteção) - DN Ø 40\", classe de pressão - 150 PSI.","Cj",1,43904.32,{"$f":"F23+F23*'BDI''s'!$C$86","v":50929.01},50929.01,10253.91,10253.91,2110,2110,22340,22340]
[null,14,"Flutuadores para tubulação de PEAD PE 100 diâmetro externo - DE 1000 mm SDR 21 (submergência máxima de 90%), com sistemas de ancoragem intermediários.","Cj",30,648.15,{"$f":"F24+F24*'BDI''s'!$C$86","v":751.85},22555.5,3776.04,113281.2,11240,337200,4890,146700]
[null,null,"TOTAL POR MÓDULO E POR EMPRESA",null,null,null,"TOTAL",{"$f":"SUM(H11:H24)","v":1124423.05},"TOTAL",{"$f":"SUM(J11:J24)","v":840282.99},"TOTAL",{"$f":"SUM(L11:L24)","v":1159887.32},"TOTAL",{"$f":"SUM(N11:N24)","v":1422010}]

{"sheet":"CRONOGRAMA","index":9,"n_rows":36,"n_cols":33,"rows_kept":36,"cut":false,"hidden":false,"merged":[[0,1,4,32],[5,1,5,32],[7,32,9,32],[7,31,9,31],[7,1,8,2],[6,1,6,32],[7,3,8,30]]}
[]
[]
[]
[]
[]
[null,{"$f":"Geral!A6","v":"Fornecimento de Sistema de Captação Flutuante, Sistema de Acionamento de Motores de Indução Trifásicos e Grupo Gerador necessário para o Perímetro Irrigado Senador Nilo Coelho"}]
[null,"CRONOGRAMA FÍSICO-FINANCEIRO"]
[null,null,null,"DIAS",{"$nulls":27},"%","VALOR"]
[]
[null,"ITEM","DISCRIMINAÇÃO DOS SERVIÇOS",7,14,21,28,35,42,49,56,63,70,77,84,91,98,105,112,119,126,133,140,147,154,161,168,175,180]
[null,1,"SERVIÇOS PRELIMINARES",{"$nulls":28},{"$f":"AG11/$AG$36","v":2.0400000000000001E-2},{"$f":"SUM(AG12:AG16)","v":357218.68}]
[null,"1.1","Aluguel de Container (2 unidades)",{"$nulls":28},2.0000000000000001E-4,{"$f":"Geral!G12","v":3209.35}]
[null,"1.2","Placa de Obra em Chapa de Aço Galvanizado",{"$nulls":28},2.0000000000000001E-4,{"$f":"Geral!G13","v":4141.4399999999996}]
[null,"1.3","Administração Local",{"$nulls":28},1.89E-2,{"$f":"Geral!G14","v":331025.09999999998}]
[null,"1.4","Mobilização",{"$nulls":28},5.9999999999999995E-4,{"$f":"Geral!G15","v":10457.620000000001}]
[null,"1.5","Desmobilização",{"$nulls":28},5.0000000000000001E-4,{"$f":"Geral!G16","v":8385.17}]
[null,{"$f":"B11+1","v":2},"SISTEMA DE CAPTAÇÃO FLUTUANTE",{"$nulls":28},0.97450000000000003,{"$f":"AG18+AG22+AG25+AG27+AG30+AG32","v":17039508.129999999}]
[null,"2.1 ","Grupo Gerador",{"$nulls":28},0.11219999999999999,{"$f":"SUM(AG19:AG21)","v":1961676.66}]
[null,"2.1.1","Fornecimento e Instalação de Grupo Gerador",{"$nulls":28},0.1014,{"$f":"Geral!G19","v":1773371.84}]
[null,"2.1.2","Fornecimento de Grupo Gerador Reserva",{"$nulls":28},4.7000000000000002E-3,{"$f":"Geral!G20","v":81522.16}]
[null,"2.1.3","Fornecimento e Instalação do Tanque de Combustível",{"$nulls":28},6.1000000000000004E-3,{"$f":"Geral!G21","v":106782.66}]
[null,"2.2","Sistema de Acionamento",{"$nulls":28},0.31169999999999998,{"$f":"SUM(AG23:AG24)","v":5450679.1600000001}]
[null,"2.2.1","Fornecimento e Instalação dos CCM's para os Motores, 02 soft-starter",{"$nulls":28},0.30409999999999998,{"$f":"Geral!G23","v":5317284.8}]
[null,"2.2.2","Fornecimento e Instalação de Paineis de Operação",{"$nulls":28},7.6E-3,{"$f":"Geral!G24","v":133394.35999999999}]
[null,"2.3","Sistema de Bombeamento",{"$nulls":28},0.53590000000000004,{"$f":"AG26","v":9371397.1999999993}]
[null,"2.3.1","Fornecimento e Instalação do Sistema de Bombeamento Flutuante",{"$nulls":28},0.53590000000000004,{"$f":"Geral!G26","v":9371397.1999999993}]
[null,"2.4","Sistema de Iluminação e Combate a Incêndio",{"$nulls":28},4.7999999999999996E-3,{"$f":"SUM(AG28:AG29)","v":84303.74}]
[null,"2.4.1","Fornecimento e Instalação dos Equipamentos de Detecção e Combate a Incêndio",{"$nulls":28},8.9999999999999998E-4,{"$f":"Geral!G28","v":15057.79}]
[null,"2.4.2","Fornecimento, Instalação, Montagem e Testes dos Equipamentos de Iluminação",{"$nulls":28},4.0000000000000001E-3,{"$f":"Geral!G29","v":69245.95}]
[null,"2.5","Sistema de Aterramento",{"$nulls":28},8.6999999999999994E-3,{"$f":"AG31","v":151531.29999999999}]
[null,"2.5.1","Fornecimento e Instalação do Sistema de Aterramento",{"$nulls":28},8.6999999999999994E-3,{"$f":"Geral!G31","v":151531.29999999999}]
[null,"2.6","Comissionamento, Operação e Desmontagem do Sistema",{"$nulls":28},1.1000000000000001E-3,{"$f":"AG33","v":19920.07}]
[null,"2.6.1","Comissionamento e Start-up",{"$nulls":28},1.1000000000000001E-3,{"$f":"Geral!G33","v":19920.07}]
[null,3,"PROJETO EXECUTIVO",{"$nulls":28},5.1000000000000004E-3,{"$f":"AG35","v":89511.42}]
[null,"3.1","Elaboração do Projeto Executivo",{"$nulls":28},5.1000000000000004E-3,{"$f":"Geral!G35","v":89511.42}]
[{"$nulls":31},{"$f":"AF11+AF17+AF34","v":1},{"$f":"AG11+AG17+AG34","v":17486238.23}]